First-Level Subdivisions by Last 2 Letters in 3 Minutes - Statistics

General Stats
  • This quiz has been taken 918 times
  • The average score is 1878 of 3809
Answers on the Map
Answers color-coded by a green-red scale on the quiz's map according to % correct below.
 
Answer Stats
Country Type Subdivision % Correct
Venezuela State Vargas
94%
Ivory Coast District Abidjan
91%
Yemen Province Abyan
91%
Turkey Province Adıyaman
91%
Greece Administration Aegean
91%
El Salvador Department Ahuachapán
91%
United Arab Emirates Emirate Ajman
91%
Qatar Municipality Al Rayyan
91%
Jordan Province Amman
91%
Yemen Province Amran
91%
Uzbekistan Region Andijan
91%
Nauru District Anetan
91%
Comoros Island Anjouan
91%
Slovenia Municipality Ankaran
91%
Turkey Province Ardahan
91%
Russia Region Astrakhan
91%
Egypt Province Aswan
91%
Afghanistan Province Badakhshan
91%
Afghanistan Province Baghlan
91%
Azerbaijan District Balakan
91%
Turkmenistan Region Balkan
91%
Pakistan Province Balochistan
91%
Central African Republic Prefecture Bamingui-Bangoran
91%
Afghanistan Province Bamyan
91%
Russia Republic Bashkortostan
91%
Turkey Province Batman
91%
Vietnam Province Bắc Kạn
91%
Azerbaijan District Beylagan
91%
Vietnam Province Bình Thuận
91%
Thailand Province Bueng Kan
91%
Mongolia Province Bulgan
91%
South Korea Province Busan
91%
Libya District Butnan
91%
Ireland County Cavan
91%
Finland Region Central Finland
91%
Indonesia Province Central Kalimantan
91%
Honduras Department Copán
91%
El Salvador Department Cuscatlán
91%
Russia Republic Dagestan
91%
Azerbaijan District Dashkasan
91%
North Macedonia Municipality Dojran
91%
Iran Province East Azerbaijan
91%
Indonesia Province East Kalimantan
91%
Albania County Elbasan
91%
Panama Region Emberá-Wounaan
91%
Turkey Province Erzincan
91%
Brazil District Federal District
91%
Honduras Department Francisco Morazán
91%
China Province Fujian
91%
Iran Province Gilan
91%
Pakistan Territory Gilgit-Baltistan
91%
Kosovo District Gjilan
91%
Azerbaijan District Gobustan
91%
Iran Province Golestan
91%
Tajikistan Autonomous Region Gorno-Badakhshan
91%
China Province Hainan
91%
Iran Province Hamadan
91%
China Province Henan
91%
Somalia Region Hiran
91%
Iran Province Hormozgān
91%
Laos Province Houaphan
91%
China Province Hunan
91%
Iran Province Isfahan
91%
United Kingdom Dependency Isle of Man
91%
Saudi Arabia Region Jizan
91%
Afghanistan Province Jowzjan
91%
Tunisia Province Kairouan
91%
Guinea Region Kankan
91%
Uzbekistan Republic Karakalpakstan
91%
Turkey Province Karaman
91%
Malaysia State Kelantan
91%
Iran Province Kerman
91%
Laos Province Khammouan
91%
Iran Province Khuzestan
91%
Iran Province Kurdistan
91%
Russia Region Kurgan
91%
Malaysia Territory Labuan
91%
Afghanistan Province Laghman
91%
Azerbaijan City Lankaran
91%
Azerbaijan District Lankaran
91%
Vietnam Province Long An
91%
Iran Province Lorestan
91%
Jordan Province Ma'an
91%
Russia Region Magadan
91%
Iraq Province Maysan
91%
Iran Province Mazandaran
91%
United States State Michigan
91%
Mexico State Michoacán
91%
Ireland County Monaghan
91%
El Salvador Department Morazán
91%
Thailand Province Mukdahan
91%
Azerbaijan City Naftalan
91%
Saudi Arabia Region Najran
91%
Azerbaijan Republic Nakhchivan
91%
Thailand Province Nakhon Sawan
91%
Uzbekistan Region Namangan
91%
Thailand Province Nan
91%
Malaysia State Negeri Sembilan
91%
Vietnam Province Nghệ An
91%
Vietnam Province Ninh Thuận
91%
Indonesia Province North Kalimantan
91%
Kazakhstan Region North Kazakhstan
91%
Iran Province North Khorasan
91%
Sudan State North Kordofan
91%
North Korea Province North Pyongan
91%
Afghanistan Province Nuristan
91%
Kazakhstan City Nur-Sultan
91%
Algeria Province Oran
91%
Afghanistan Province Parwan
91%
Greece Administration Peloponnese, Western Greece and the Ionian
91%
Seychelles District Perseverance Island I
91%
Slovenia Municipality Piran
91%
Thailand Province Prachuap Khiri Khan
91%
India State Rajasthan
91%
Iran Province Razavi Khorasan
91%
Nicaragua Department Río San Juan
91%
Seychelles District Roche Caiman
91%
North Macedonia Municipality Rosoman
91%
Russia Region Ryazan
91%
Laos Province Salavan
91%
Azerbaijan District Salyan
91%
Afghanistan Province Samangan
91%
Thailand Province Samut Prakan
91%
Argentina Province San Juan
91%
Dominican Republic Province San Juan
91%
Canada Province Saskatchewan
91%
Liechtenstein Municipality Schaan
91%
Iran Province Semnan
91%
Azerbaijan District Shabran
91%
Myanmar State Shan
91%
Azerbaijan City Shirvan
91%
Azerbaijan District Siazan
91%
China Province Sichuan
91%
Iran Province Sistan and Baluchestan
91%
Slovenia Municipality Škocjan
91%
Bulgaria Province Smolyan
91%
Indonesia Province South Kalimantan
91%
Iran Province South Khorasan
91%
Sudan State South Kordofan
91%
North Korea Province South Pyongan
91%
Taiwan Municipality Tainan
91%
Taiwan Municipality Taoyuan
91%
Russia Republic Tatarstan
91%
Iran Province Tehran
91%
Romania County Teleorman
91%
Guatemala Department Totonicapán
91%
Argentina Province Tucumán
91%
Kazakhstan Region Turkistan
91%
South Korea Province Ulsan
91%
Afghanistan Province Urozgan
91%
El Salvador Department Usulután
91%
Turkey Province Van
91%
Iran Province West Azerbaijan
91%
Indonesia Province West Kalimantan
91%
Kazakhstan Region West Kazakhstan
91%
Sudan State West Kordofan
91%
Armenia Municipality Yerevan
91%
Taiwan County Yilan
91%
Mexico State Yucatán
91%
China Province Yunnan
91%
Tunisia Province Zaghouan
91%
Azerbaijan District Zangilan
91%
Iran Province Zanjan
91%
Mongolia Province Zavkhan
91%
Bangladesh Division Dhaka
90%
Nigeria State Abia
89%
Georgia Republic Abkhazia
89%
United Kingdom Territory Akrotiri and Dhekelia
89%
Egypt Province Alexandria
89%
Madagascar Province Amoron'i Mania
89%
Uganda District Amuria
89%
Colombia Department Antioquia
89%
Italy Region Apulia
89%
Chile Region Araucanía
89%
Brazil State Bahia
89%
Mexico State Baja California
89%
Germany State Bavaria
89%
Algeria Province Béjaïa
89%
Canada Province British Columbia
89%
Russia Republic Buryatia
89%
Kenya County Busia
89%
Uganda District Busia
89%
Italy Region Calabria
89%
United States State California
89%
Italy Region Campania
89%
Spain Community Cantabria
89%
Austria State Carinthia
89%
Spain Community Catalonia
89%
Czech Republic Region Central Bohemia
89%
South Sudan State Central Equatoria
89%
Finland Region Central Ostrobothnia
89%
Moldova District Cimișlia
89%
Uruguay Departament Colonia
89%
Egypt Province Dakahlia
89%
United States District District of Columbia
89%
Moldova District Drochia
89%
South Sudan State Eastern Equatoria
89%
Algeria Province El Menia
89%
Greece Administration Epirus and Western Macedonia
89%
France Collectivity French Polynesia
89%
Moldova Unit Găgăuzia
89%
Spain Community Galicia
89%
United States State Georgia
89%
Egypt Province Gharbia
89%
Algeria Province Ghardaïa
89%
Colombia Department Guainía
89%
Georgia Region Guria
89%
Costa Rica Province Heredia
89%
Dominican Republic Province Independencia
89%
Russia Republic Ingushetia
89%
China Region Inner Mongolia
89%
Croatia County Istria
89%
Russia Republic Kalmykia
89%
Russia Republic Karachay-Cherkessia
89%
Russia Republic Karelia
89%
Russia Republic Khakassia
89%
Guinea Region Kindia
89%
Poland Province Kuyavia-Pomerania
89%
Uganda District Kwania
89%
Cyprus District Kyrenia
89%
Dominican Republic Province La Altagracia
89%
Kenya County Laikipia
89%
Syria Province Latakia
89%
Portugal District Leiria
89%
Italy Region Liguria
89%
Austria State Lower Austria
89%
Poland Province Lower Silesia
89%
Tunisia Province Mahdia
89%
Poland Province Masovia
89%
Egypt Province Monufia
89%
Czech Republic Region Moravia-Silesia
89%
Russia Republic Mordovia
89%
Spain Community Murcia
89%
France Sui Generis Collectivity New Caledonia
89%
Cyprus District Nicosia
89%
China Region Ningxia
89%
Finland Region North Karelia
89%
Russia Republic North Ossetia-Alania
89%
Finland Region North Ostrobothnia
89%
Germany State North Rhine-Westphalia
89%
Canada Province Nova Scotia
89%
Nicaragua Department Nueva Segovia
89%
Ethiopia Region Oromia
89%
Finland Region Ostrobothnia
89%
Afghanistan Province Paktia
89%
United States State Pennsylvania
89%
Dominican Republic Province Peravia
89%
Poland Province Pomerania
89%
Croatia County Požega-Slavonia
89%
Cape Verde Municipality Praia
89%
Brazil State Rondônia
89%
Andorra Parish Sant Julià de Lòria
89%
Italy Region Sardinia
89%
Egypt Province Sharqia
89%
Poland Province Silesia
89%
Trinidad and Tobago Region Siparia
89%
Bulgaria Province Sofia
89%
Madagascar Province Sofia
89%
Australia State South Australia
89%
Czech Republic Region South Bohemia
89%
Finland Region South Karelia
89%
Czech Republic Region South Moravia
89%
Finland Region South Ostrobothnia
89%
Croatia County Split-Dalmatia
89%
Austria State Styria
89%
Poland Province Subcarpathia
89%
Moldova District Taraclia
89%
Australia State Tasmania
89%
Germany State Thuringia
89%
Moldova Unit Transnistria
89%
Kenya County Trans-Nzoia
89%
Russia Republic Udmurtia
89%
Italy Region Umbria
89%
Austria State Upper Austria
89%
Spain Community Valencia
89%
Australia State Victoria
89%
Ukraine Region Vinnytsia
89%
United States State Virginia
89%
Belgium Region Wallonia
89%
Poland Province Warmia-Masuria
89%
Australia State Western Australia
89%
South Sudan State Western Equatoria
89%
Poland Province West Pomerania
89%
United States State West Virginia
89%
Ukraine Region Zakarpattia
89%
Mozambique Province Zambezia
89%
Ukraine Region Zaporizhia
89%
Venezuela State Zulia
89%
Brazil State Alagoas
87%
Brazil State Amazonas
87%
Colombia Department Amazonas
87%
Peru Departament Amazonas
87%
Venezuela State Amazonas
87%
United States State Arkansas
87%
Uruguay Departament Artigas
87%
Spain Community Asturias
87%
Venezuela State Barinas
87%
Bulgaria Province Burgas
87%
El Salvador Department Cabañas
87%
Colombia Department Caldas
87%
Philippines Region Central Visayas
87%
Trinidad and Tobago Municipality Chaguanas
87%
Mexico State Chiapas
87%
Philippines Region Eastern Visayas
87%
Ecuador Province Esmeraldas
87%
Brazil State Goiás
87%
Ecuador Province Guayas
87%
Turkey Province Kahramanmaraş
87%
United States State Kansas
87%
Namibia Region ǁKaras
87%
Lithuania County Kaunas
87%
Namibia Region Khomas
87%
Cuba Province Las Tunas
87%
Cuba Province Matanzas
87%
Venezuela State Monagas
87%
Seychelles District Perseverance Island II
87%
Costa Rica Province Puntarenas
87%
Nicaragua Department Rivas
87%
Barbados Parish Saint Thomas
87%
Jamaica Parish Saint Thomas
87%
Ecuador Province Santo Domingo de los Tsáchilas
87%
Turkey Province Sivas
87%
Algeria Province Souk Ahras
87%
Kyrgyzstan Region Talas
87%
Mexico State Tamaulipas
87%
United States State Texas
87%
Slovenia Municipality Trnovska Vas
87%
Hungary County Vas
87%
Panama Province Veraguas
87%
Equatorial Guinea Province Wele-Nzas
87%
Philippines Region Western Visayas
87%
Mexico State Zacatecas
87%
Albania County Tiranë
86%
United States State Alaska
83%
Latvia Municipality Bauska
83%
Madagascar Province Betsiboka
83%
Uganda District Budaka
83%
North Macedonia Municipality Čaška
83%
Russia Area Chukotka
83%
Japan Prefecture Fukuoka
83%
Eritrea Region Gash-Barka
83%
Mauritania Region Guidimaka
83%
Papua New Guinea Province Jiwaka
83%
Russia Territory Kamchatka
83%
India State Karnataka
83%
North Macedonia Municipality Kriva Palanka
83%
Zambia Province Lusaka
83%
Uganda District Luuka
83%
Uganda District Masaka
83%
Mali Region Ménaka
83%
Slovenia Municipality Metlika
83%
United States State Nebraska
83%
Serbia District North Bačka
83%
Japan Prefecture Osaka
83%
Central African Republic Prefecture Ouaka
83%
Afghanistan Province Paktika
83%
Slovenia Municipality Pivka
83%
Slovenia Municipality Podvelka
83%
Serbia District Raška
83%
Bosnia and Herzegovina Division Republika Srpska
83%
Japan Prefecture Shizuoka
83%
Slovenia Municipality Škofja Loka
83%
Serbia District South Bačka
83%
Seychelles District Takamaka
83%
Democratic Republic of the Congo Province Tanganyika
83%
Lesotho District Thaba-Tseka
83%
Latvia Municipality Valka
83%
Slovenia Municipality Vrhnika
83%
Serbia District West Bačka
83%
Samoa District Aʻana
81%
Turkey Province Adana
81%
Slovenia Municipality Ajdovščina
81%
Paraguay Departament Alto Paraná
81%
Tunisia Province Ariana
81%
United States State Arizona
81%
Madagascar Province Atsimo-Andrefana
81%
Madagascar Province Atsimo-Atsinanana
81%
Madagascar Province Atsinanana
81%
Dominican Republic Province Barahona
81%
Algeria Province Batna
81%
Mauritania Region Brakna
81%
Croatia County Brod-Posavina
81%
Romania County Covasna
81%
Bhutan District Dagana
81%
Sweden County Dalarna
81%
Libya District Derna
81%
Madagascar Province Diana
81%
Slovenia Municipality Dobrna
81%
Dominican Republic Province Elías Piña
81%
Italy Region Emilia-Romagna
81%
Bosnia and Herzegovina Division Federation of Bosnia and Herzegovina
81%
Uzbekistan Region Fergana
81%
France Region French Guiana
81%
Slovenia Municipality Gornja Radgona
81%
Slovenia Municipality Hajdina
81%
India State Haryana
81%
Slovenia Municipality Hrpelje-Kozina
81%
United States State Indiana
81%
Nigeria State Kaduna
81%
Nigeria State Katsina
81%
Bangladesh Division Khulna
81%
Cuba Province La Habana
81%
Andorra Parish La Massana
81%
Dominican Republic Province La Romana
81%
Slovenia City Ljubljana
81%
Slovenia Municipality Loška Dolina
81%
United States State Louisiana
81%
Latvia Municipality Madona
81%
Colombia Department Magdalena
81%
Bahamas District Mayaguana
81%
Slovenia Municipality Mirna
81%
Uganda District Mityana
81%
Bulgaria Province Montana
81%
United States State Montana
81%
Iraq Province Muthanna
81%
Chad Region N'Djamena
81%
United States State North Carolina
81%
Namibia Region Ohangwena
81%
Ecuador Province Orellana
81%
Namibia Region Oshana
81%
Brazil State Paraná
81%
Slovenia Municipality Postojna
81%
Kosovo District Pristina
81%
Egypt Province Qena
81%
Serbia District Rasina
81%
Solomon Islands Province Rennell and Bellona
81%
Moldova District Rezina
81%
Slovenia Municipality Rogaška Slatina
81%
Burundi Province Rutana
81%
Dominican Republic Province Samaná
81%
Colombia Department San Andrés, Providencia and Santa Catalina
81%
El Salvador Department Santa Ana
81%
Brazil State Santa Catarina
81%
Cape Verde Municipality Santa Catarina
81%
Ecuador Province Santa Elena
81%
Slovenia Municipality Sežana
81%
Tunisia Province Siliana
81%
Croatia County Sisak-Moslavina
81%
United States State South Carolina
81%
Slovenia Municipality Sveta Ana
81%
Peru Departament Tacna
81%
India State Telangana
81%
Hungary County Tolna
81%
Kenya County Turkana
81%
Lithuania County Utena
81%
Bulgaria Province Varna
81%
Slovenia Municipality Velika Polana
81%
Austria State Vienna
81%
Croatia County Virovitica-Podravina
81%
Czech Republic Region Vysočina
81%
France Collectivity Wallis and Futuna
81%
Slovakia Region Žilina
81%
Colombia District Capital District
80%
Azerbaijan District Absheron
79%
Finland Region Åland
79%
Yemen Province Al Bayda
79%
Equatorial Guinea Province Annobón
79%
Spain Community Aragon
79%
Syria Province As-Suwayda
79%
Honduras Department Atlántida
79%
Antigua and Barbuda Dependency Barbuda
79%
Azerbaijan District Barda
79%
Seychelles District Beau Vallon
79%
United Kingdom Territory Bermuda
79%
Algeria Province Blida
79%
Paraguay Departament Boquerón
79%
Slovenia Municipality Brda
79%
Belgium Region Brussels-Capital Region
79%
Nauru District Buada
79%
Uganda District Bududa
79%
Austria State Burgenland
79%
Angola Province Cabinda
79%
Spain Community Castile and León
79%
Bahamas District Cat Island
79%
Philippines Region Central Luzon
79%
Australia Overseas Territory Christmas Island
79%
Thailand Province Chumphon
79%
Jamaica Parish Clarendon
79%
Honduras Department Colón
79%
Panama Province Colón
79%
Paraguay Departament Concepción
79%
Bahamas District Crooked Island
79%
South Korea Province Daejeon
79%
Dominican Republic Province Dajabón
79%
Tajikistan Region Districts under Central Government Jurisdiction
79%
Marshall Islands Municipality Ebon
79%
United Kingdom Country England
79%
Venezuela State Falcón
79%
United States State Florida
79%
Uruguay Departament Florida
79%
Ivory Coast Region Folon
79%
South Korea Province Gangwon
79%
Sweden County Gotland
79%
Nicaragua Department Granada
79%
Poland Province Greater Poland
79%
Denmark Country Greenland
79%
Portugal District Guarda
79%
Ivory Coast Region Guémon
79%
Hungary County Győr-Moson-Sopron
79%
Sweden County Halland
79%
Bahamas District Harbour Island
79%
Afghanistan Province Helmand
79%
Uganda District Ibanda
79%
South Korea Province Incheon
79%
Sweden County Jämtland
79%
India State Jharkhand
79%
North Korea Province Kangwon
79%
Uganda District Kasanda
79%
Tajikistan Region Khatlon
79%
Ukraine Region Kherson
79%
Azerbaijan District Khojavend
79%
Jamaica Parish Kingston
79%
North Macedonia Municipality Kisela Voda
79%
Uganda District Kitagwenda
79%
Lithuania County Klaipėda
79%
Senegal Region Kolda
79%
Slovenia Municipality Komenda
79%
Kazakhstan Region Kyzylorda
79%
Finland Region Lapland
79%
El Salvador Department La Unión
79%
Nicaragua Department León
79%
Poland Province Lesser Poland
79%
Costa Rica Province Limón
79%
Portugal District Lisbon
79%
Vietnam Province Lạng Sơn
79%
Bahamas District Long Island
79%
Angola Province Luanda
79%
Thailand Province Mae Hong Son
79%
Zimbabwe Province Manicaland
79%
Liberia County Maryland
79%
United States State Maryland
79%
Venezuela State Mérida
79%
Denmark Region Midtjylland
79%
Venezuela State Miranda
79%
Myanmar State Mon
79%
Seychelles District Mont Buxton
79%
Bahamas District Moore's Island
79%
Lebanon Province Mount Lebanon
79%
India State Nagaland
79%
United States State Nevada
79%
Papua New Guinea Province New Ireland
79%
New Zealand Country New Zealand
79%
Denmark Region Nordjylland
79%
Norway Region Nordland
79%
Australia Overseas Territory Norfolk Island
79%
United Kingdom Province Northern Ireland
79%
Mexico State Nuevo León
79%
United States State Oregon
79%
Mongolia Province Orkhon
79%
Sweden County Östergötland
79%
Jamaica Parish Portland
79%
Canada Province Prince Edward Island
79%
Australia State Queensland
79%
Bahamas District Ragged Island
79%
North Korea Special City Rason
79%
France Region Réunion
79%
United States State Rhode Island
79%
Colombia Department Risaralda
79%
Norway Region Rogaland
79%
Ireland County Roscommon
79%
Uganda District Rubanda
79%
Germany State Saarland
79%
Algeria Province Saïda
79%
Mauritius Island Saint Brandon
79%
France Territory Saint Pierre and Miquelon
79%
Thailand Province Sakon Nakhon
79%
Uzbekistan Region Samarqand
79%
Thailand Province Samut Sakhon
79%
United Kingdom Country Scotland
79%
Latvia Municipality Sigulda
79%
Tanzania Region Singida
79%
Denmark Region Sjælland
79%
Iceland Municipality Skagaströnd
79%
Algeria Province Skikda
79%
Sweden County Södermanland
79%
Ethiopia Region Southern Nations, Nationalities, and Peoples' Region
79%
Philippines Region Southern Tagalog Mainland
79%
Finland Region Southwest Finland
79%
Moldova District Ștefan Vodă
79%
Senegal Region Tambacounda
79%
Turkey Province Trabzon
79%
India State Uttarakhand
79%
Sweden County Värmland
79%
Sweden County Västernorrland
79%
Sweden County Västmanland
79%
Sweden County Västra Götaland
79%
Norway Region Vestland
79%
Colombia Department Vichada
79%
Russia Region Vologda
79%
United States State Washington
79%
Jamaica Parish Westmoreland
79%
Myanmar Region Yangon
79%
Thailand Province Yasothon
79%
Canada Territory Yukon
79%
Mexico State Aguascalientes
78%
Iceland Municipality Akranes
78%
Romania County Argeș
78%
France Region Auvergne-Rhône-Alpes
78%
Portugal Region Azores
78%
Hungary County Békés
78%
Algeria Province Béni Abbès
78%
Algeria Province Boumerdès
78%
Argentina City Buenos Aires
78%
Argentina Province Buenos Aires
78%
Saint Lucia District Canaries
78%
Uruguay Departament Canelones
78%
Burkina Faso Region Cascades
78%
Saint Lucia District Castries
78%
Nicaragua Department Chontales
78%
Venezuela State Cojedes
78%
Benin Department Collines
78%
Argentina Province Corrientes
78%
Honduras Department Cortés
78%
Albania County Durrës
78%
Venezuela Dependency Federal Dependencies
78%
Morocco Region Fès-Meknès
78%
Uruguay Departament Flores
78%
Tunisia Province Gabès
78%
Saint Vincent and the Grenadines Parish Grenadines
78%
Hungary County Heves
78%
Mali Region Kayes
78%
Albania County Kukës
78%
South Sudan State Lakes
78%
Seychelles District Les Mamelles
78%
Chile Region Magallanes
78%
Romania County Maramureș
78%
Slovenia Municipality Mengeš
78%
Argentina Province Misiones
78%
Paraguay Departament Misiones
78%
Romania County Mureș
78%
Australia State New South Wales
78%
Haiti Department Nippes
78%
Canada Territory Northwest Territories
78%
Dominican Republic Province Pedernales
78%
Paraguay Departament Presidente Hayes
78%
Mauritius Island Rodrigues
78%
Barbados Parish Saint James
78%
Jamaica Parish Saint James
78%
Togo Region Savanes
78%
Iceland Municipality Seltjarnarnes
78%
Algeria Province Sidi Bel Abbès
78%
Senegal Region Thiès
78%
Uruguay Departament Treinta y Tres
78%
Peru Departament Tumbes
78%
Colombia Department Vaupés
78%
North Macedonia Municipality Veles
78%
United Kingdom Country Wales
78%
Japan Prefecture Akita
77%
Canada Province Alberta
77%
Oman Province Al Wusta
77%
Chile Region Antofagasta
77%
Chile Region Arica and Parinacota
77%
Djibouti Region Arta
77%
Guinea-Bissau Region Bafatá
77%
Italy Region Basilicata
77%
Cape Verde Municipality Boa Vista
77%
Colombia Department Caquetá
77%
Spain City Ceuta
77%
Romania County Constanța
77%
Romania County Dâmbovița
77%
Egypt Province Damietta
77%
Nigeria State Delta
77%
Cyprus District Famagusta
77%
Tanzania Region Geita
77%
Romania County Harghita
77%
Romania County Ialomița
77%
Turkey Province Isparta
77%
Slovenia Municipality Kungota
77%
São Tomé and Príncipe District Lobata
77%
Solomon Islands Province Malaita
77%
Colombia Department Meta
77%
United States State Minnesota
77%
Libya District Misrata
77%
Dominican Republic Province Monte Plata
77%
Slovenia City Murska Sobota
77%
Slovenia Municipality Muta
77%
Japan Prefecture Niigata
77%
Tuvalu Island Niulakita
77%
United States State North Dakota
77%
Venezuela State Nueva Esparta
77%
Moldova District Ocnița
77%
Japan Prefecture Ōita
77%
Dominican Republic Province Puerto Plata
77%
Argentina Province Salta
77%
Finland Region Satakunta
77%
United States State South Dakota
77%
Indonesia Province Special Capital Region of Jakarta
77%
Indonesia Province Special Region of Yogyakarta
77%
Kenya County Taita–Taveta
77%
Ghana Region Volta
77%
Japan Prefecture Yamagata
77%
Turkey Province Artvin
76%
Turkey Province Aydın
76%
Turkey Province Bartın
76%
Germany State Berlin
76%
Romania County Caraș-Severin
76%
Myanmar State Chin
76%
Trinidad and Tobago Region Diego Martin
76%
Ireland City Dublin
76%
Papua New Guinea Province East New Britain
76%
Liechtenstein Municipality Gamprin
76%
Seychelles District Grand'Anse Praslin
76%
Cuba Province Holguín
76%
Ivory Coast Region Indénié-Djuablin
76%
China Province Jilin
76%
Peru Departament Junín
76%
Myanmar State Kachin
76%
Thailand Province Kalasin
76%
Myanmar State Kayin
76%
Montenegro Municipality Kolašin
76%
Marshall Islands Municipality Kwajalein
76%
Azerbaijan District Lachin
76%
Poland Province Lublin
76%
Turkey Province Mardin
76%
Turkey Province Mersin
76%
Cambodia Province Pailin
76%
Trinidad and Tobago Municipality Point Fortin
76%
Trinidad and Tobago Municipality Port of Spain
76%
Iran Province Qazvin
76%
France Territory Saint Martin
76%
Russia Region Sakhalin
76%
Iraq Province Saladin
76%
Peru Departament San Martín
76%
Germany State Schleswig-Holstein
76%
Croatia County Šibenik-Knin
76%
Ireland County South Dublin
76%
Thailand Province Surin
76%
China Municipality Tianjin
76%
Slovenia Municipality Tolmin
76%
Slovakia Region Trenčín
76%
Slovenia Municipality Trzin
76%
United Arab Emirates Emirate Umm Al Quwain
76%
Croatia County Varaždin
76%
Bulgaria Province Vidin
76%
Papua New Guinea Province West New Britain
76%
United States State Wisconsin
76%
Taiwan County Yunlin
76%
Czech Republic Region Zlín
76%
Chile Region Biobío
75%
Italy Region Lazio
75%
Cape Verde Municipality Maio
75%
United States State Ohio
75%
Guinea-Bissau Region Oio
75%
Canada Province Ontario
75%
Cuba Province Pinar del Río
75%
Colombia Department Quindío
75%
Marshall Islands Municipality Enewetok | Ujelang
74%
United States State Alabama
73%
Trinidad and Tobago Municipality Arima
73%
Chile Region Atacama
73%
Guinea-Bissau Region Bolama
73%
Kenya County Bungoma
73%
Uganda District Buvuma
73%
Mexico State Colima
73%
East Timor Municipality Covalima
73%
Tanzania Region Dodoma
73%
Bahamas District East Grand Bahama
73%
Bahamas District Exuma
73%
Japan Prefecture Fukushima
73%
Cuba Province Granma
73%
Algeria Province Guelma
73%
Japan Prefecture Gunma
73%
Syria Province Hama
73%
Japan Prefecture Hiroshima
73%
Uganda District Hoima
73%
Japan Prefecture Kagoshima
73%
Tanzania Region Kigoma
73%
Russia Region Kostroma
73%
Slovenia Municipality Kuzma
73%
Peru Departament Lima
73%
Peru Province Lima
73%
Democratic Republic of the Congo Province Maniema
73%
Uganda District Mitooma
73%
Algeria Province Naâma
73%
Thailand Province Nakhon Ratchasima
73%
Japan Prefecture Okayama
73%
United States State Oklahoma
73%
Panama Province Panamá
73%
Vanuatu Province Penama
73%
Brazil State Roraima
73%
Fiji Dependency Rotuma
73%
Tanzania Region Ruvuma
73%
Japan Prefecture Saitama
73%
Vanuatu Province Sanma
73%
Uganda District Sheema
73%
Ethiopia Region Sidama
73%
Morocco Region Tanger-Tetouan-Al Hoceima
73%
Japan Prefecture Tokushima
73%
Colombia Department Tolima
73%
Japan Prefecture Toyama
73%
Japan Prefecture Wakayama
73%
Bahamas District West Grand Bahama
73%
Latvia Municipality Alūksne
72%
Seychelles District Baie Sainte Anne
72%
Montenegro Municipality Berane
72%
Slovenia Municipality Cirkulane
72%
Suriname District Commewijne
72%
Algeria Province Constantine
72%
Angola Province Cunene
72%
Guyana Region East Berbice-Corentyne
72%
Turkey Province Edirne
72%
Botswana City Gaborone
72%
Slovenia Municipality Gorenja Vas–Poljane
72%
Latvia Municipality Gulbene
72%
Turkey Province Gümüşhane
72%
Mozambique Province Inhambane
72%
Senegal Region Kaffrine
72%
Tunisia Province Kasserine
72%
Namibia Region Kunene
72%
Estonia County Lääne
72%
Monaco Ward La Condamine
72%
United States State Maine
72%
Suriname District Marowijne
72%
Tunisia Province Medenine
72%
France Region Nouvelle-Aquitaine
72%
Latvia Municipality Olaine
72%
Montenegro Municipality Plužine
72%
Slovenia Municipality Poljčane
72%
Nepal Province Province No. 1
72%
Myanmar State Rakhine
72%
Algeria Province Relizane
72%
Latvia City Rēzekne
72%
Latvia Municipality Rēzekne
72%
Ukraine Region Rivne
72%
Jamaica Parish Saint Catherine
72%
Japan Prefecture Shimane
72%
Sweden County Skåne
72%
Latvia Municipality Smiltene
72%
North Macedonia Municipality Staro Nagoričane
72%
Tunisia Province Tataouine
72%
Laos Prefecture Vientiane
72%
Laos Province Vientiane
72%
Syria Province Al-Hasakah
70%
Brazil State Acre
69%
Oman Province Ad Dakhiliyah
69%
Qatar Municipality Ad Dawhah
69%
Oman Province Ad Dhahirah
69%
Ethiopia City Addis Ababa
69%
Kuwait Province Al Asimah
69%
Romania County Alba
69%
Yemen Province Al Hudaydah
69%
Sudan State Al Jazirah
69%
Yemen Province Al Mahrah
69%
Iraq Province Al-Qādisiyyah
69%
Qatar Municipality Al Wakrah
69%
Yemen Municipality Amanat Al Asimah
69%
Nauru District Anibare
69%
Algeria Province Annaba
69%
Eritrea Region Anseba
69%
Venezuela State Apure
69%
Jordan Province Aqaba
69%
Netherlands Country Aruba
69%
Mauritania Region Assaba
69%
Colombia Department Atlántico
69%
Saudi Arabia Region Bahah
69%
Seychelles District Baie Lazare
69%
Dominican Republic Province Baoruco
69%
Seychelles District Bel Ombre
69%
Ivory Coast Region Béré
69%
Vietnam Province Bến Tre
69%
Nicaragua Department Boaco
69%
San Marino Municipality Borgo Maggiore
69%
Slovenia Municipality Bovec
69%
Colombia Department Casanare
69%
Portugal District Castelo Branco
69%
Bahamas District Central Abaco
69%
Singapore Council Central Singapore
69%
Burkina Faso Region Centre
69%
Haiti Department Centre
69%
France Region Centre-Val de Loire
69%
Argentina Province Chaco
69%
Japan Prefecture Chiba
69%
Colombia Department Chocó
69%
Ireland County Clare
69%
Bolivia Department Cochabamba
69%
Argentina Province Córdoba
69%
Colombia Department Córdoba
69%
Peru Departament Cusco
69%
United States State Delaware
69%
Slovenia Municipality Dobrova–Polhov Gradec
69%
Gabon Province Estuaire
69%
Afghanistan Province Farah
69%
Guinea Region Faranah
69%
United Arab Emirates Emirate Fujairah
69%
Maldives City Fuvammulah
69%
North Macedonia Municipality Gazi Baba
69%
Uganda District Gomba
69%
Comoros Island Grande Comore
69%
Venezuela State Guárico
69%
Colombia Department Guaviare
69%
Yemen Province Hajjah
69%
Zimbabwe Province Harare
69%
Peru Departament Huánuco
69%
Algeria Province In Salah
69%
Mexico State Jalisco
69%
Tunisia Province Jendouba
69%
Myanmar State Kayah
69%
Malaysia State Kedah
69%
Iran Province Kermanshah
69%
Ireland County Kildare
69%
São Tomé and Príncipe District Lembá
69%
Czech Republic Region Liberec
69%
Slovenia Municipality Logatec
69%
Somalia Region Lower Juba
69%
Democratic Republic of the Congo Province Lualaba
69%
Jordan Province Madaba
69%
Saudi Arabia Region Madinah
69%
Burundi Province Makamba
69%
Saudi Arabia Region Makkah
69%
Canada Province Manitoba
69%
Tunisia Province Manouba
69%
Mexico State México
69%
Somalia Region Middle Juba
69%
Slovenia Municipality Mirna Peč
69%
Angola Province Moxico
69%
Uganda District Namutumba
69%
Central African Republic Prefecture Nana-Mambéré
69%
Spain Community Navarre
69%
United States State New Hampshire
69%
United States State New Mexico
69%
Liberia County Nimba
69%
Bahamas District North Abaco
69%
Guinea Region Nzérékoré
69%
Latvia Municipality Ogre
69%
Brazil State Paraíba
69%
Peru Departament Pasco
69%
France Region Pays de la Loire
69%
Brazil State Pernambuco
69%
North Macedonia Municipality Petrovec
69%
Republic of the Congo Department Pointe-Noire
69%
Portugal District Portalegre
69%
United States Territory Puerto Rico
69%
Azerbaijan District Quba
69%
Canada Province Quebec
69%
United Arab Emirates Emirate Ras Al Khaimah
69%
Yemen Province Raymah
69%
Slovenia Municipality Rogatec
69%
Estonia County Saare
69%
Malaysia State Sabah
69%
Yemen Province Sa'dah
69%
Central African Republic Prefecture Sangha-Mbaéré
69%
Cuba Province Santiago de Cuba
69%
Romania County Satu Mare
69%
Ghana Region Savannah
69%
Slovenia Municipality Šempeter-Vrtojba
69%
Uganda District Serere
69%
United Arab Emirates Emirate Sharjah
69%
Slovenia City Slovenj Gradec
69%
Slovenia Municipality Šmarje pri Jelšah
69%
Saint Lucia District Soufrière
69%
Bahamas District South Abaco
69%
Slovenia Municipality Štore
69%
Colombia Department Sucre
69%
Venezuela State Sucre
69%
Iraq Province Sulaymaniyah
69%
Slovenia Municipality Sveta Trojica v Slovenskih Goricah
69%
Slovenia Municipality Sveti Andraž v Slovenskih Goricah
69%
Slovenia Municipality Sveti Jurij v Slovenskih Goricah
69%
Mexico State Tabasco
69%
Djibouti Region Tadjourah
69%
Jordan Province Tafilah
69%
Nigeria State Taraba
69%
Vanuatu Province Torba
69%
Trinidad and Tobago Region Tunapuna–Piarco
69%
United States State Utah
69%
Albania County Vlorë
69%
Angola Province Zaire
69%
Slovenia Municipality Žalec
69%
Afghanistan Province Badghis
68%
Turkey Province Bitlis
68%
Iceland Municipality Blönduósbær
68%
Suriname District Brokopondo
68%
Mozambique Province Cabo Delgado
68%
Latvia Municipality Cēsis
68%
Algeria Province Chlef
68%
United States State Colorado
68%
Nigeria State Edo
68%
Iceland Municipality Garðabær
68%
Somalia Region Gedo
68%
Seychelles District Glacis
68%
Iceland Municipality Grindavíkurbær
68%
Iceland Municipality Grundarfjarðarbær
68%
Chad Region Hadjer-Lamis
68%
Japan Prefecture Hokkaido
68%
United States State Illinois
68%
Iceland Municipality Ísafjarðarbær
68%
Uganda District Kaberamaido
68%
Kenya County Kajiado
68%
Turkey Province Kilis
68%
Burundi Province Kirundo
68%
Uganda District Kotido
68%
Ireland County Laois
68%
Uruguay Departament Maldonado
68%
Brazil State Minas Gerais
68%
Liberia County Montserrado
68%
Iceland Municipality Mosfellsbær
68%
Saint Kitts and Nevis Island Nevis
68%
Gabon Province Ogooué-Ivindo
68%
Nigeria State Ondo
68%
Bolivia Department Pando
68%
Malaysia State Perlis
68%
North Macedonia Municipality Radoviš
68%
Iceland Municipality Reykjanesbær
68%
Senegal Region Saint-Louis
68%
Seychelles District Saint Louis
68%
Trinidad and Tobago Municipality San Fernando
68%
Argentina Province San Luis
68%
Dominican Republic Province San Pedro de Macorís
68%
Cape Verde Municipality São Salvador do Mundo
68%
Iceland Municipality Snæfellsbær
68%
Iceland Municipality Suðurnesjabær
68%
Romania County Timiș
68%
Belize District Toledo
68%
Tunisia Province Tunis
68%
Switzerland Canton Valais
68%
Uganda District Alebtong
66%
Vietnam Province An Giang
66%
Thailand Province Ang Thong
66%
Peru Departament Ayacucho
66%
Ivory Coast Region Bafing
66%
Cambodia Province Battambang
66%
Vietnam Province Bắc Giang
66%
China Municipality Beijing
66%
Vietnam Province Bình Dương
66%
Liberia County Bong
66%
Bhutan District Bumthang
66%
Vietnam Province Cao Bằng
66%
North Korea Province Chagang
66%
Bangladesh Division Chittagong
66%
China Municipality Chongqing
66%
Vietnam Municipality Cần Thơ
66%
Vietnam Municipality Đà Nẵng
66%
Equatorial Guinea Province Djibloho
66%
Vietnam Province Đắk Nông
66%
South Africa Province Gauteng
66%
China Province Guangdong
66%
Vietnam Province Hà Giang
66%
China Province Heilongjiang
66%
Eswatini Region Hhohho
66%
Vietnam Province Hải Dương
66%
Vietnam Municipality Hải Phòng
66%
China Special Region Hong Kong
66%
Vietnam Province Hậu Giang
66%
United States State Idaho
66%
Sweden County Jönköping
66%
Botswana Town Jwaneng
66%
Uganda District Kaabong
66%
North Korea Special-level City Kaesong
66%
Cambodia Province Kampong Chhnang
66%
Taiwan Municipality Kaohsiung
66%
Uganda District Kapelebyong
66%
Taiwan City Keelung
66%
Kenya County Kericho
66%
Botswana District Kgatleng
66%
Vietnam Province Kiên Giang
66%
Cambodia Province Koh Kong
66%
Myanmar Zone Kokang
66%
Botswana District Kweneng
66%
Vietnam Province Lâm Đồng
66%
Thailand Province Lampang
66%
Indonesia Province Lampung
66%
China Province Liaoning
66%
Taiwan County Lienchiang
66%
Laos Province Louangphabang
66%
Papua New Guinea Province Madang
66%
Lesotho District Mafeteng
66%
Nauru District Meneng
66%
Lesotho District Mokhotlong
66%
Palau State Ngarchelong
66%
Palau State Ngatpang
66%
Iceland Municipality Norðurþing
66%
South Korea Province North Chungcheong
66%
South Korea Province North Gyeongsang
66%
North Korea Province North Hamgyong
66%
Honduras Department Olancho
66%
Malaysia State Pahang
66%
Myanmar Zone Pa Laung
66%
Malaysia State Penang
66%
Thailand Province Phatthalung
66%
Vietnam Province Phú Thọ
66%
Taiwan County Pingtung
66%
Cambodia Province Prey Veng
66%
North Korea Direct-administered City Pyongyang
66%
Lesotho District Quthing
66%
Thailand Province Ranong
66%
Thailand Province Rayong
66%
South Sudan Area Ruweng
66%
North Korea Province Ryanggang
66%
Myanmar Region Sagaing
66%
Bhutan District Sarpang
66%
South Korea Province Sejong
66%
China Province Shandong
66%
Vietnam Province Sóc Trăng
66%
South Korea Province South Chungcheong
66%
South Korea Province South Gyeongsang
66%
North Korea Province South Hamgyong
66%
Cambodia Province Steung Treng
66%
Cambodia Province Svay Rieng
66%
Taiwan Municipality Taichung
66%
Taiwan County Taitung
66%
Brunei District Temburong
66%
Vietnam Province Tiền Giang
66%
Thailand Province Trang
66%
Bhutan District Trashigang
66%
Bhutan District Tsirang
66%
Brunei District Tutong
66%
Vietnam Province Tuyên Quang
66%
Vietnam Province Vĩnh Long
66%
Bhutan District Wangdue Phodrang
66%
Marshall Islands Municipality Wotho
66%
United States State Wyoming
66%
Laos Province Xékong
66%
Laos Province Xiangkhouang
66%
China Province Zhejiang
66%
Bhutan District Zhemgang
66%
Georgia Republic Adjara
65%
Ethiopia Region Amhara
65%
Nigeria State Anambra
65%
Turkey Province Ankara
65%
Azerbaijan District Astara
65%
Benin Department Atakora
65%
Iraq Province Basra
65%
Egypt Province Beheira
65%
Morocco Region Béni Mellal-Khénifra
65%
Algeria Province Biskra
65%
Croatia County Bjelovar-Bilogora
65%
Algeria Province Bouïra
65%
Brunei District Brunei-Muara
65%
Uzbekistan Region Bukhara
65%
Brazil State Ceará
65%
Bahamas District Central Eleuthera
65%
Portugal District Coimbra
65%
Paraguay Departament Cordillera
65%
Philippines Region Cordillera
65%
Indonesia Province East Nusa Tenggara
65%
East Timor Municipality Ermera
65%
Guyana Region Essequibo Islands-West Demerara
65%
Portugal District Évora
65%
Spain Community Extremadura
65%
Ghana Region Greater Accra
65%
Paraguay Departament Guairá
65%
Chad Region Guéra
65%
Madagascar Province Haute Matsiatra
65%
Ivory Coast Region Haut-Sassandra
65%
Panama Province Herrera
65%
Iceland Municipality Húnaþing vestra
65%
Romania County Hunedoara
65%
Ecuador Province Imbabura
65%
Libya District Jafara
65%
Kuwait Province Jahra
65%
Libya District Jufra
65%
Switzerland Canton Jura
65%
Tanzania Region Kagera
65%
Togo Region Kara
65%
Uganda District Kiruhura
65%
Serbia District Kolubara
65%
Slovenia Municipality Kranjska Gora
65%
Libya District Kufra
65%
Nigeria State Kwara
65%
Uganda District Kyotera
65%
Morocco Region Laâyoune-Sakia El Hamra
65%
Colombia Department La Guajira
65%
Venezuela State Lara
65%
Honduras Department Lempira
65%
Uganda District Lira
65%
Portugal Region Madeira
65%
India State Maharashtra
65%
Kenya County Mandera
65%
Tanzania Region Manyara
65%
Tanzania Region Mara
65%
Algeria Province Mascara
65%
Uganda District Mbarara
65%
Tanzania Region Mtwara
65%
Japan Prefecture Nara
65%
Uganda District Ngora
65%
Slovakia Region Nitra
65%
Bahamas District North Eleuthera
65%
Indonesia Province North Sumatra
65%
Kenya County Nyamira
65%
Brazil State Pará
65%
Suriname District Para
65%
Peru Departament Piura
65%
Guinea-Bissau Region Quinara
65%
Syria Province Quneitra
65%
Morocco Region Rabat-Salé-Kénitra
65%
Iceland Municipality Rangárþing eystra
65%
Iceland Municipality Rangárþing ytra
65%
Uruguay Departament Rivera
65%
Uganda District Rwampara
65%
Russia Region Samara
65%
Honduras Department Santa Bárbara
65%
Bulgaria Province Silistra
65%
Yemen Province Socotra
65%
Mexico State Sonora
65%
Bahamas District South Eleuthera
65%
Indonesia Province South Sumatra
65%
Bulgaria Province Stara Zagora
65%
Tanzania Region Tabora
65%
Venezuela State Táchira
65%
India State Tripura
65%
Madagascar Province Vakinankaratra
65%
Latvia Municipality Valmiera
65%
Cuba Province Villa Clara
65%
Chad Region Wadi Fira
65%
Indonesia Province West Nusa Tenggara
65%
Indonesia Province West Sumatra
65%
Nigeria State Zamfara
65%
Cameroon Region Adamawa
64%
Nigeria State Adamawa
64%
Uganda District Bukwa
64%
Ethiopia City Dire Dawa
64%
Nauru District Ewa
64%
United States State Iowa
64%
Japan Prefecture Ishikawa
64%
Nigeria State Jigawa
64%
Japan Prefecture Kagawa
64%
Japan Prefecture Kanagawa
64%
Uganda District Kapchorwa
64%
Pakistan Province Khyber Pakhtunkhwa
64%
Uganda District Kyegegwa
64%
Solomon Islands Province Makira-Ulawa
64%
Uganda District Manafwa
64%
Uganda District Namisindwa
64%
Nigeria State Nasarawa
64%
Ivory Coast Region Nawa
64%
Japan Prefecture Okinawa
64%
Tanzania Region Rukwa
64%
Sri Lanka Province Sabaragamuwa
64%
Yemen Province Shabwah
64%
Botswana Township Sowa
64%
Myanmar Division Wa
64%
Philippines Region Zamboanga Peninsula
63%
Turkmenistan Region Ahal
62%
Qatar Municipality Al Shamal
62%
Somalia Region Awdal
62%
Bangladesh Division Barisal
62%
Burundi Province Bujumbura Rural
62%
Bahrain Province Capital
62%
Botswana District Central
62%
Cameroon Region Central
62%
Fiji Region Central
62%
Ghana Region Central
62%
Israel District Central
62%
Malawi Region Central
62%
Malta Region Central
62%
Papua New Guinea Province Central
62%
Paraguay Departament Central
62%
Solomon Islands Province Central
62%
Sri Lanka Province Central
62%
Zambia Province Central
62%
Belize District Corozal
62%
Paraguay District Distrito Capital
62%
Dominican Republic District Distrito Nacional
62%
Ireland County Donegal
62%
Ireland County Fingal
62%
Solomon Islands Province Guadalcanal
62%
Dominican Republic Province Hermanas Mirabal
62%
Guatemala Department Izabal
62%
Slovenia Municipality Kanal
62%
Cambodia Province Kandal
62%
Democratic Republic of the Congo Province Kasaï-Central
62%
Democratic Republic of the Congo Province Kasaï-Oriental
62%
Mali Region Kidal
62%
Democratic Republic of the Congo Province Kongo Central
62%
South Africa Province KwaZulu-Natal
62%
Equatorial Guinea Province Litoral
62%
Benin Department Littoral
62%
Cameroon Region Littoral
62%
Chad Region Logone Occidental
62%
Chad Region Logone Oriental
62%
Zimbabwe Province Mashonaland Central
62%
Norway Region Møre og Romsdal
62%
Philippines Region National Capital
62%
Palau State Ngiwal
62%
Sri Lanka Province North Central
62%
South Sudan State Northern Bahr el Ghazal
62%
Somalia Region Nugal
62%
Morocco Region Oriental
62%
Algeria Province Ouled Djellal
62%
Burkina Faso Region Plateau-Central
62%
Cape Verde Municipality Sal
62%
Dominican Republic Province San Cristóbal
62%
Portugal District Setúbal
62%
Cape Verde Municipality Tarrafal
62%
Qatar Municipality Umm Salal
62%
Portugal District Vila Real
62%
India State West Bengal
62%
South Sudan State Western Bahr el Ghazal
62%
Turkey Province Ağrı
61%
Iceland Municipality Akureyri
61%
Benin Department Alibori
61%
Japan Prefecture Aomori
61%
Uganda District Bugiri
61%
Uganda District Bugweri
61%
Burundi Province Bururi
61%
Turkey Province Çankırı
61%
Iran Province Chaharmahal and Bakhtiari
61%
Thailand Province Chanthaburi
61%
Thailand Province Chonburi
61%
Moldova District Dubăsari
61%
Turkey Province Hakkâri
61%
Ethiopia Region Harari
61%
Mauritania Region Inchiri
61%
Democratic Republic of the Congo Province Ituri
61%
Thailand Province Kanchanaburi
61%
Turkey Province Kayseri
61%
Thailand Province Lopburi
61%
Armenia Province Lori
61%
Kenya County Migori
61%
United States State Missouri
61%
Cambodia Province Mondulkiri
61%
Seychelles District Mont Fleuri
61%
Chad Region Moyen-Chari
61%
Republic of the Congo Department Niari
61%
Thailand Province Nonthaburi
61%
Kenya County Nyeri
61%
Paraguay Departament Paraguarí
61%
Thailand Province Phetchaburi
61%
Thailand Province Prachinburi
61%
Vietnam Province Quảng Trị
61%
Cambodia Province Ratanakiri
61%
Thailand Province Ratchaburi
61%
Uganda District Rukungiri
61%
Thailand Province Saraburi
61%
Thailand Province Sing Buri
61%
Thailand Province Suphan Buri
61%
North Macedonia Municipality Šuto Orizari
61%
Niger Region Tillabéri
61%
Japan Prefecture Tottori
61%
Switzerland Canton Uri
61%
Slovenia Municipality Žiri
61%
Algeria Province Adrar
59%
Mauritania Region Adrar
59%
Ethiopia Region Afar
59%
Turkey Province Afyonkarahisar
59%
Lebanon Province Akkar
59%
Iraq Province Al Anbar
59%
Uganda District Amolatar
59%
Nauru District Anabar
59%
Montenegro Municipality Bar
59%
Algeria Province Bechar
59%
India State Bihar
59%
Azerbaijan District Bilasuvar
59%
Colombia Department Bolívar
59%
Ecuador Province Bolívar
59%
Venezuela State Bolívar
59%
Algeria Province Bordj Baji Mokhtar
59%
Ecuador Province Cañar
59%
North Macedonia Municipality Centar
59%
Colombia Department Cesar
59%
Senegal Region Dakar
59%
North Macedonia Municipality Debar
59%
North Macedonia Municipality Demir Hisar
59%
Yemen Province Dhamar
59%
Iraq Province Dhi Qar
59%
Oman Province Dhofar
59%
United Kingdom Territory Gibraltar
59%
North Macedonia Municipality Gostivar
59%
Hungary County Hajdú-Bihar
59%
Libya District Jabal al Akhdar
59%
Russia Republic Kabardino-Balkar
59%
Azerbaijan District Kalbajar
59%
Sweden County Kalmar
59%
Afghanistan Province Kandahar
59%
Russia Territory Krasnodar
59%
Afghanistan Province Kunar
59%
Afghanistan Province Logar
59%
Bhutan District Mongar
59%
Afghanistan Province Nangarhar
59%
Palau State Ngchesar
59%
Kazakhstan Region Pavlodar
59%
Cambodia Province Preah Vihear
59%
Croatia County Primorje-Gorski Kotar
59%
Azerbaijan District Qusar
59%
Bhutan District Samdrup Jongkhar
59%
Sudan State Sennar
59%
Mongolia Province Sukhbaatar
59%
Afghanistan Province Takhar
59%
Azerbaijan District Tartar
59%
Azerbaijan District Ujar
59%
Mongolia Municipality Ulaanbaatar
59%
Iceland Municipality Vestmannaeyjar
59%
Iceland Municipality Vogar
59%
Croatia County Zadar
59%
Serbia District Zaječar
59%
Tanzania Region Arusha
58%
Chad Region Batha
58%
Spain Community Castilla-La Mancha
58%
Bhutan District Chhukha
58%
Laos Province Luang Namtha
58%
Uganda District Maracha
58%
India State Odisha
58%
Ecuador Province Pichincha
58%
Bhutan District Punakha
58%
Uruguay Departament Rocha
58%
Libya District Sabha
58%
United Kingdom Territory Saint Helena, Ascension and Tristan da Cunha
58%
Russia Republic Sakha
58%
Republic of the Congo Department Sangha
58%
Azerbaijan City Shusha
58%
Azerbaijan District Shusha
58%
Montenegro Municipality Andrijevica
57%
Colombia Department Arauca
57%
Egypt Province Asyut
57%
Greece Administration Attica
57%
Slovakia Region Banská Bystrica
57%
Moldova District Basarabeasca
57%
Lebanon Province Beirut
57%
Slovenia Municipality Borovnica
57%
Colombia Department Boyacá
57%
Portugal District Bragança
57%
Slovenia Municipality Brezovica
57%
North Macedonia Municipality Brvenica
57%
Peru Departament Cajamarca
57%
Argentina Province Catamarca
57%
Colombia Department Cauca
57%
Slovenia Municipality Cerknica
57%
Honduras Department Choluteca
57%
Argentina Province Chubut
57%
Bolivia Department Chuquisaca
57%
United States State Connecticut
57%
France Region Corsica
57%
Colombia Department Cundinamarca
57%
North Macedonia Municipality Debarca
57%
Guyana Region Demerara-Mahaica
57%
Slovenia Municipality Divača
57%
Slovenia Municipality Gorišnica
57%
Yemen Province Hadramaut
57%
Slovenia Municipality Hoče–Slivnica
57%
Peru Departament Huancavelica
57%
Peru Departament Ica
57%
Slovenia Municipality Ilirska Bistrica
57%
Honduras Department Intibucá
57%
Slovenia Municipality Ivančna Gorica
57%
Serbia District Jablanica
57%
Cyprus District Larnaca
57%
East Timor Municipality Liquiçá
57%
Slovenia Municipality Lukovica
57%
North Macedonia Municipality Makedonska Kamenica
57%
Malaysia State Malacca
57%
Mozambique Province Manica
57%
Slovenia Municipality Mežica
57%
Slovenia Municipality Miren-Kostanjevica
57%
Kosovo District Mitrovica
57%
Serbia District Moravica
57%
Libya District Nalut
57%
Slovenia City Nova Gorica
57%
Canada Territory Nunavut
57%
Mexico State Oaxaca
57%
Slovenia Municipality Oplotnica
57%
Slovenia Municipality Osilnica
57%
Slovenia Municipality Pesnica
57%
Montenegro Municipality Petnjica
57%
North Macedonia Municipality Plasnica
57%
Montenegro Municipality Podgorica
57%
Slovenia Municipality Radovljica
57%
Slovenia Municipality Ribnica
57%
Suriname District Saramacca
57%
Slovenia Municipality Sevnica
57%
Slovenia Municipality Škofljica
57%
Slovenia Municipality Slovenska Bistrica
57%
Slovenia Municipality Sodražica
57%
Moldova District Soroca
57%
North Macedonia Municipality Strumica
57%
Chile Region Tarapacá
57%
Serbia District Toplica
57%
Colombia Department Valle del Cauca
57%
North Macedonia Municipality Vinica
57%
Slovenia Municipality Vuzenica
57%
Suriname District Wanica
57%
Slovenia Municipality Žirovnica
57%
Qatar Municipality Al Khor
56%
Mongolia Province Bayankhongor
56%
Romania County Bihor
56%
Serbia District Bor
56%
Ireland City Cork
56%
Ireland County Cork
56%
Syria Province Deir ez-Zor
56%
Afghanistan Province Ghor
56%
Dominican Republic Province Hato Mayor
56%
Malaysia State Johor
56%
Marshall Islands Municipality Kili | Bikini | Ejit
56%
Palau State Koror
56%
Montenegro Municipality Kotor
56%
Egypt Province Luxor
56%
Slovenia Municipality Majšperk
56%
Slovenia City Maribor
56%
Canada Province Newfoundland and Labrador
56%
United States State New York
56%
South Sudan Area Pibor
56%
Slovenia Municipality Preddvor
56%
Dominica Parish Saint Mark
56%
Grenada Parish Saint Mark
56%
Bahamas District San Salvador
56%
El Salvador Department San Salvador
56%
Malaysia State Selangor
56%
Denmark Region Syddanmark
56%
Slovenia Municipality Tabor
56%
Norway Region Troms og Finnmark
56%
Armenia Province Vayots Dzor
56%
Norway Region Vestfold og Telemark
56%
Senegal Region Ziguinchor
56%
Serbia District Zlatibor
56%
Slovenia Municipality Žužemberk
56%
Yemen Province Aden
55%
Algeria Province Aïn Defla
55%
Kazakhstan Region Akmola
55%
Costa Rica Province Alajuela
55%
Qatar Municipality Al Daayen
55%
Thailand Province Amnat Charoen
55%
Andorra Parish Andorra la Vella
55%
United Kingdom Territory Anguilla
55%
Switzerland Canton Appenzell Ausserrhoden
55%
Switzerland Canton Appenzell Innerrhoden
55%
Chile Region Aysén
55%
Indonesia Province Banten
55%
Kyrgyzstan Region Batken
55%
Angola Province Benguela
55%
North Macedonia Municipality Bitola
55%
Hungary County Borsod-Abaúj-Zemplén
55%
Romania County Brăila
55%
Germany State Bremen
55%
Uganda District Butambala
55%
Luxembourg Canton Capellen
55%
Guatemala Department Chiquimula
55%
Cuba Province Ciego de Ávila
55%
Mexico State Coahuila
55%
Panama Province Darién
55%
Vietnam Province Điện Biên
55%
Iraq Province Diyala
55%
Liechtenstein Municipality Eschen
55%
Guatemala Department Escuintla
55%
Italy Region Friuli-Venezia Giulia
55%
Ethiopia Region Gambela
55%
Guatemala Department Guatemala
55%
Panama Region Guna Yala
55%
Papua New Guinea Province Hela
55%
Denmark Region Hovedstaden
55%
Taiwan County Hualien
55%
Angola Province Huíla
55%
Colombia Department Huila
55%
Vietnam Province Hưng Yên
55%
North Macedonia Municipality Ilinden
55%
Egypt Province Ismailia
55%
Latvia City Jūrmala
55%
Uganda District Kalangala
55%
Uganda District Kampala
55%
Iraq Province Karbala
55%
Sudan State Kassala
55%
India State Kerala
55%
Algeria Province Khenchela
55%
Thailand Province Khon Kaen
55%
Taiwan County Kinmen
55%
Slovenia Municipality Komen
55%
Uganda District Kween
55%
Republic of the Congo Department Likouala
55%
Zambia Province Luapula
55%
Liechtenstein Municipality Mauren
55%
Spain City Melilla
55%
Algeria Province Mila
55%
North Macedonia Municipality Mogila
55%
Democratic Republic of the Congo Province Mongala
55%
Algeria Province M'Sila
55%
Turkey Province Muğla
55%
Uganda District Nakasongola
55%
Mozambique Province Nampula
55%
Azerbaijan District Neftchala
55%
Argentina Province Neuquén
55%
Switzerland Canton Nidwalden
55%
Sweden County Norrbotten
55%
South Korea Province North Jeolla
55%
Switzerland Canton Obwalden
55%
Algeria Province Ouargla
55%
Guatemala Department Petén
55%
Vietnam Province Phú Yên
55%
Liechtenstein Municipality Planken
55%
Bulgaria Province Pleven
55%
Czech Republic Region Plzeň
55%
Slovenia Municipality Polzela
55%
Kosovo District Prizren
55%
Mexico State Puebla
55%
Azerbaijan District Qabala
55%
Estonia County Rapla
55%
North Macedonia Municipality Resen
55%
Switzerland Canton Schaffhausen
55%
Bulgaria Province Shumen
55%
Chad Region Sila
55%
Netherlands Country Sint Maarten
55%
Bulgaria Province Sliven
55%
Philippines Region SOCCSKSARGEN
55%
Mozambique Province Sofala
55%
Guatemala Department Sololá
55%
Thailand Province Songkhla
55%
Vietnam Province Sơn La
55%
South Korea Province South Jeolla
55%
Switzerland Canton St. Gallen
55%
Vietnam Province Thái Nguyên
55%
Mexico State Tlaxcala
55%
Algeria Province Tlemcen
55%
Liechtenstein Municipality Triesen
55%
Russia Region Tula
55%
Russia Region Tyumen
55%
Sweden County Uppsala
55%
Sweden County Västerbotten
55%
Luxembourg Canton Vianden
55%
Norway Region Viken
55%
Thailand Province Yala
55%
Nauru District Yaren
55%
Hungary County Zala
55%
Azerbaijan District Zaqatala
55%
Italy Region Aosta Valley
54%
Slovenia Municipality Apače
54%
Cambodia Province Banteay Meanchey
54%
Slovenia Municipality Braslovče
54%
Slovenia Municipality Brežice
54%
Philippines Region Cagayan Valley
54%
Cuba Province Camagüey
54%
Slovenia Municipality Dolenjske Toplice
54%
Turkey Province Düzce
54%
Saudi Arabia Region Eastern Province
54%
United Kingdom Dependency Guernsey
54%
France Region Hauts-de-France
54%
France Region Île-de-France
54%
North Macedonia Municipality Jegunovce
54%
United Kingdom Dependency Jersey
54%
Slovenia Municipality Jesenice
54%
North Macedonia Municipality Konče
54%
Albania County Korçë
54%
Slovakia Region Košice
54%
Slovenia Municipality Luče
54%
Greece Administration Macedonia and Thrace
54%
Guyana Region Mahaica-Berbice
54%
United States State Mississippi
54%
Slovenia Municipality Moravče
54%
Slovenia Municipality Moravske Toplice
54%
United States State New Jersey
54%
Bahamas District New Providence
54%
Egypt Province New Valley
54%
Niger Region Niamey
54%
Cambodia Province Oddar Meanchey
54%
Czech Republic Region Pardubice
54%
Seychelles District Plaisance
54%
Slovenia Municipality Radeče
54%
North Macedonia Municipality Rankovce
54%
Slovenia Municipality Slovenske Konjice
54%
Slovenia Municipality Šmarješke Toplice
54%
North Macedonia Municipality Tearce
54%
Greece Administration Thessaly and Central Greece
54%
Ivory Coast Region Tonkpi
54%
Slovenia Municipality Turnišče
54%
Guyana Region Upper Demerara-Berbice
54%
Slovenia Municipality Velike Lašče
54%
Slovenia Municipality Vodice
54%
Slovenia Municipality Zreče
54%
Samoa District Aiga-i-le-Tai
53%
Palau State Airai
53%
Russia Republic Altai
53%
Russia Territory Altai
53%
Mongolia Province Arkhangai
53%
Laos Province Bolikhamxai
53%
Kenya County Bomet
53%
Thailand Province Chiang Mai
53%
Thailand Province Chiang Rai
53%
Algeria Province Djanet
53%
Vietnam Province Đồng Nai
53%
Morocco Region Drâa-Tafilalet
53%
United Arab Emirates Emirate Dubai
53%
Moldova District Edineț
53%
Kenya County Elgeyo-Marakwet
53%
Vietnam Province Gia Lai
53%
Mongolia Province Govi-Altai
53%
Haiti Department Grand'Anse
53%
Saint Lucia District Gros Islet
53%
Tonga Division Haʻapai
53%
Germany State Hesse
53%
Norway Region Innlandet
53%
Thailand Province Kamphaeng Phet
53%
Democratic Republic of the Congo Province Kasaï
53%
Uganda District Kasese
53%
Vietnam Province Lào Cai
53%
Monaco Ward La Rousse
53%
Bhutan District Lhuentse
53%
Botswana Town Lobatse
53%
Italy Region Molise
53%
Thailand Province Nong Khai
53%
Egypt Province North Sinai
53%
East Timor Municipality Oecusse
53%
Chad Region Ouaddaï
53%
Mongolia Province Övörkhangai
53%
Thailand Province Phuket
53%
China Province Qinghai
53%
Vietnam Province Quảng Ngãi
53%
Uganda District Rakai
53%
Thailand Province Roi Et
53%
Bulgaria Province Ruse
53%
Slovenia Municipality Ruše
53%
Bhutan District Samtse
53%
Costa Rica Province San José
53%
Uruguay Departament San José
53%
Laos Province Savannakhét
53%
China Municipality Shanghai
53%
Lithuania County Šiauliai
53%
Thailand Province Sisaket
53%
Tunisia Province Sousse
53%
Egypt Province South Sinai
53%
Slovenia Municipality Starše
53%
Thailand Province Sukhothai
53%
Bangladesh Division Sylhet
53%
Algeria Province Tamanrasset
53%
Lithuania County Telšiai
53%
Algeria Province Tiaret
53%
China Region Tibet
53%
Bhutan District Trashi Yangtse
53%
Vietnam Province Yên Bái
53%
Russia Republic Adygea
52%
Haiti Department Artibonite
52%
Lesotho District Berea
52%
Equatorial Guinea Province Bioko Norte
52%
Tunisia Province Bizerte
52%
France Region Bourgogne-Franche-Comté
52%
Uganda District Bukedea
52%
Saint Vincent and the Grenadines Parish Charlotte
52%
Greece Administration Crete
52%
Russia Autonomous Republic Crimea
52%
Angola Province Cuanza Norte
52%
Republic of the Congo Department Cuvette
52%
Dominican Republic Province Duarte
52%
Luxembourg Canton Esch-sur-Alzette
52%
South Africa Province Free State
52%
Costa Rica Province Guanacaste
52%
Japan Prefecture Iwate
52%
Angola Province Lunda Norte
52%
France Region Mayotte
52%
Algeria Province Médéa
52%
Tuvalu Island Nanumea
52%
Eritrea Region Northern Red Sea
52%
Panama Province Panamá Oeste
52%
Monaco Ward Ravin de Sainte-Dévote
52%
Egypt Province Red Sea
52%
Sudan State Red Sea
52%
Germany State Rhineland-Palatinate
52%
Brazil State Rio Grande do Norte
52%
Liberia County River Gee
52%
El Salvador Department San Vicente
52%
Cape Verde Municipality São Vicente
52%
Samoa District Satupaʻitea
52%
Libya District Sirte
52%
El Salvador Department Sonsonate
52%
North Macedonia Municipality Sopište
52%
Eritrea Region Southern Red Sea
52%
Vanuatu Province Tafea
52%
Bulgaria Province Targovishte
52%
United States State Tennessee
52%
Mozambique Province Tete
52%
Romania County Tulcea
52%
Romania County Vâlcea
52%
Romania County Vrancea
52%
North Macedonia Municipality Vrapčište
52%
Ghana Region Bono East
51%
Belarus Region Brest
51%
Romania Municipality Bucharest
51%
Hungary County Budapest
51%
Burkina Faso Region Centre-Est
51%
Burkina Faso Region Centre-Ouest
51%
Republic of the Congo Department Cuvette-Ouest
51%
Cameroon Region East
51%
Chad Region Ennedi-Est
51%
Chad Region Ennedi-Ouest
51%
Burkina Faso Region Est
51%
France Region Grand Est
51%
Namibia Region Kavango East
51%
Namibia Region Kavango West
51%
Afghanistan Province Khost
51%
Zimbabwe Province Mashonaland East
51%
Zimbabwe Province Mashonaland West
51%
Chad Region Mayo-Kebbi Est
51%
Chad Region Mayo-Kebbi Ouest
51%
Haiti Department Nord-Est
51%
Haiti Department Nord-Ouest
51%
Nicaragua Region North Caribbean Coast
51%
Botswana District North-East
51%
Ghana Region North East
51%
Singapore Council North East
51%
Botswana District North-West
51%
Cameroon Region Northwest
51%
Sierra Leone Province North West
51%
Singapore Council North West
51%
South Africa Province North West
51%
Mauritania Region Nouakchott-Ouest
51%
Haiti Department Ouest
51%
Hungary County Pest
51%
Nicaragua Region South Caribbean Coast
51%
Botswana District South-East
51%
Singapore Council South East
51%
Cameroon Region Southwest
51%
Singapore Council South West
51%
Haiti Department Sud-Est
51%
Burkina Faso Region Sud-Ouest
51%
Ghana Region Upper East
51%
Ghana Region Upper West
51%
Cameroon Region West
51%
Gambia Region West Coast
51%
Ivory Coast Region Agnéby-Tiassa
49%
Libya District Al Wahat
49%
Uganda District Amudat
49%
Romania County Arad
49%
Armenia Province Ararat
49%
Cuba Province Artemisa
49%
Turkmenistan District Ashgabat
49%
Iraq Province Baghdad
49%
Nigeria State Bayelsa
49%
Albania County Berat
49%
Bulgaria Province Blagoevgrad
49%
Uganda District Buliisa
49%
Turkey Province Bursa
49%
Morocco Region Casablanca-Settat
49%
Serbia District Central Banat
49%
Thailand Province Chai Nat
49%
Hungary County Csongrád-Csanád
49%
Montenegro Municipality Danilovgrad
49%
Slovenia Municipality Dravograd
49%
Dominican Republic Province Espaillat
49%
Argentina Province Formosa
49%
Tunisia Province Gafsa
49%
Kenya County Garissa
49%
Bhutan District Gasa
49%
Libya District Ghat
49%
Slovenia Municipality Gornji Grad
49%
Slovenia Municipality Grad
49%
Liberia County Grand Bassa
49%
India State Gujarat
49%
Afghanistan Province Herat
49%
Marshall Islands Municipality Jabat
49%
Kyrgyzstan Region Jalal-Abad
49%
Azerbaijan District Jalilabad
49%
Russia Region Kaliningrad
49%
Afghanistan Province Kapisa
49%
Democratic Republic of the Congo Province Kinshasa
49%
Ukraine Region Kirovohrad
49%
Iran Province Kohgiluyeh and Boyer-Ahmad
49%
Algeria Province Laghouat
49%
El Salvador Department La Libertad
49%
Peru Departament La Libertad
49%
Russia Region Leningrad
49%
Turkey Province Manisa
49%
North Macedonia Municipality Mavrovo and Rostuša
49%
Kenya County Mombasa
49%
United Kingdom Territory Montserrat
49%
Oman Province Muscat
49%
Thailand Province Nakhon Si Thammarat
49%
Thailand Province Narathiwat
49%
Mozambique Province Niassa
49%
Hungary County Nógrád
49%
Serbia District North Banat
49%
Ukraine Region Odessa
49%
Uganda District Pallisa
49%
Venezuela State Portuguesa
49%
Cambodia Province Pursat
49%
Bulgaria Province Razgrad
49%
Azerbaijan District Sabirabad
49%
Chad Region Salamat
49%
Guatemala Department Santa Rosa
49%
Morocco Region Souss-Massa
49%
Serbia District South Banat
49%
Algeria Province Tébessa
49%
Montenegro Municipality Tivat
49%
Thailand Province Trat
49%
Bhutan District Trongsa
49%
Russia Region Volgograd
49%
Bulgaria Province Vratsa
49%
Turkey Province Yozgat
49%
Azerbaijan District Agdam
48%
India State Assam
48%
Thailand Province Buriram
48%
Tanzania Region Dar es Salaam
48%
United States Territory Guam
48%
Vietnam Province Hà Nam
48%
Iran Province Ilam
48%
Algeria Province In Guezzam
48%
Cambodia Province Kampong Cham
48%
United States State Kentucky
48%
Thailand Province Maha Sarakham
48%
Senegal Region Matam
48%
Madagascar Province Melaky
48%
India State Mizoram
48%
Oman Province Musandam
48%
Central African Republic Prefecture Ouham
48%
Uganda District Oyam
48%
Guyana Region Pomeroon-Supenaam
48%
Russia Territory Primorsky
48%
Vietnam Province Quảng Nam
48%
Slovenia Municipality Rače–Fram
48%
Thailand Province Samut Songkhram
48%
Russia Territory Zabaykalsky
48%
East Timor Municipality Ainaro
47%
Madagascar Province Alaotra-Mangoro
47%
Portugal District Aveiro
47%
East Timor Municipality Bobonaro
47%
Panama Province Bocas del Toro
47%
Egypt Province Cairo
47%
Trinidad and Tobago Region Couva–Tabaquite–Talparo
47%
Venezuela State Delta Amacuro
47%
Ecuador Province El Oro
47%
Portugal District Faro
47%
Mexico State Guerrero
47%
Uganda District Isingiro
47%
Uganda District Kakumiro
47%
Uganda District Kaliro
47%
Tanzania Region Kilimanjaro
47%
Uganda District Kisoro
47%
Mali Region Koulikoro
47%
Uganda District Luweero
47%
Marshall Islands Municipality Majuro
47%
Trinidad and Tobago Region Mayaro–Rio Claro
47%
Tanzania Region Morogoro
47%
Burundi Province Mwaro
47%
Uganda District Omoro
47%
Sweden County Örebro
47%
Papua New Guinea Province Oro
47%
Bolivia Department Oruro
47%
Bhutan District Paro
47%
Ivory Coast Region Poro
47%
Mexico State Querétaro
47%
Brazil State Rio de Janeiro
47%
Argentina Province Río Negro
47%
Uruguay Departament Río Negro
47%
Ivory Coast Region San-Pédro
47%
Paraguay Departament San Pedro
47%
Argentina Province Santiago del Estero
47%
Uganda District Tororo
47%
Ivory Coast District Yamoussoukro
47%
Honduras Department Yoro
47%
Andorra Parish Canillo
46%
São Tomé and Príncipe District Cantagalo
46%
Uganda District Dokolo
46%
Indonesia Province Gorontalo
46%
Kenya County Isiolo
46%
Uganda District Madi-Okollo
46%
Monaco Ward Monte-Carlo
46%
Slovenia Municipality Naklo
46%
North Macedonia Municipality Novo Selo
46%
Gabon Province Ogooué-Lolo
46%
Norway Region Oslo
46%
Brazil State São Paulo
46%
Venezuela State Trujillo
46%
Portugal District Viana do Castelo
46%
Solomon Islands Territory Capital Territory
44%
South Africa Province Eastern Cape
44%
Nigeria Territory Federal Capital Territory
44%
France Region Guadeloupe
44%
Pakistan Territory Islamabad Capital Territory
44%
Latvia Municipality Mārupe
44%
South Africa Province Northern Cape
44%
São Tomé and Príncipe Region Príncipe
44%
Cape Verde Municipality São Filipe
44%
Brazil State Sergipe
44%
South Africa Province Western Cape
44%
Ecuador Province Zamora-Chinchipe
44%
Venezuela State Aragua
43%
Uganda District Arua
43%
Samoa District Atua
43%
Australia Territory Australian Capital Territory
43%
Dominican Republic Province Azua
43%
Taiwan County Changhua
43%
Mexico State Chihuahua
43%
Honduras Department Comayagua
43%
Guinea Region Conakry
43%
Saint Lucia District Dennery
43%
Kazakhstan Region East Kazakhstan
43%
Tonga Division ʻEua
43%
Bahamas District Inagua
43%
Paraguay Departament Itapúa
43%
Czech Republic Region Karlovy Vary
43%
Ireland County Kerry
43%
Ivory Coast Region Lôh-Djiboua
43%
Nicaragua Department Managua
43%
Turkmenistan Region Mary
43%
Peru Departament Moquegua
43%
Tonga Division Niua
43%
Australia Territory Northern Territory
43%
Kenya County Nyandarua
43%
Indonesia Province Papua
43%
India Territory Puducherry
43%
Antigua and Barbuda Parish Saint Mary
43%
Jamaica Parish Saint Mary
43%
Niger Region Tahoua
43%
Ireland County Tipperary
43%
Ecuador Province Tungurahua
43%
Indonesia Province West Papua
43%
Latvia Municipality Aizkraukle
42%
Iceland Municipality Akrahreppur
42%
Russia Region Amur
42%
Palau State Angaur
42%
Seychelles District Anse Etoile
42%
Seychelles District Anse Royale
42%
Iceland Municipality Árneshreppur
42%
Marshall Islands Municipality Arno
42%
Iceland Municipality Ásahreppur
42%
Marshall Islands Municipality Aur
42%
Kazakhstan City Baikonur
42%
Mexico State Baja California Sur
42%
Central African Republic Prefecture Basse-Kotto
42%
Democratic Republic of the Congo Province Bas-Uele
42%
Equatorial Guinea Province Bioko Sur
42%
Sudan State Blue Nile
42%
Ghana Region Bono
42%
Iceland Municipality Borgarfjarðarhreppur
42%
Nigeria State Borno
42%
Papua New Guinea Region Bougainville
42%
Republic of the Congo Department Brazzaville
42%
Turkey Province Burdur
42%
Turkey Province Çanakkale
42%
Sudan State Central Darfur
42%
Togo Region Centrale
42%
Equatorial Guinea Province Centro Sur
42%
Slovenia Municipality Cerkno
42%
San Marino Municipality City of San Marino
42%
Panama Province Coclé
42%
Yemen Province Dhale
42%
Iceland Municipality Djúpavogshreppur
42%
Latvia Municipality Dobele
42%
San Marino Municipality Domagnano
42%
Slovenia Municipality Domžale
42%
Uruguay Departament Durazno
42%
Sudan State East Darfur
42%
Democratic Republic of the Congo Province Équateur
42%
Brazil State Espírito Santo
42%
Iceland Municipality Eyja- og Miklaholtshreppur
42%
San Marino Municipality Faetano
42%
San Marino Municipality Fiorentino
42%
Iceland Municipality Fljótsdalshreppur
42%
Iceland Municipality Flóahreppur
42%
Monaco Ward Fontvieille
42%
Ivory Coast Region Gbôklé
42%
Iceland Municipality Grímsnes- og Grafningshreppur
42%
Belarus Region Grodno
42%
Iceland Municipality Grýtubakkahreppur
42%
Mexico State Guanajuato
42%
Iceland Municipality Hafnarfjörður
42%
Central African Republic Prefecture Haute-Kotto
42%
Democratic Republic of the Congo Province Haut-Uele
42%
Iceland Municipality Hornafjörður
42%
Iceland Municipality Hrunamannahreppur
42%
Iceland Municipality Húnavatnshreppur
42%
Uganda District Kabale
42%
Uganda District Kabarole
42%
Iceland Municipality Kaldrananeshreppur
42%
Nigeria State Kano
42%
Uganda District Kibaale
42%
Turkey Province Kırıkkale
42%
Iceland Municipality Kjósarhreppur
42%
Uganda District Kole
42%
Iceland Municipality Kópavogur
42%
Malaysia Territory Kuala Lumpur
42%
Japan Prefecture Kumamoto
42%
Kenya County Kwale
42%
Japan Prefecture Kyoto
42%
Monaco Ward Larvotto
42%
Slovenia Municipality Ljubno
42%
Peru Departament Loreto
42%
Somalia Region Lower Shabelle
42%
Slovenia Municipality Makole
42%
Maldives City Malé
42%
East Timor Municipality Manatuto
42%
India State Manipur
42%
Mozambique City Maputo
42%
Mozambique Province Maputo
42%
Lithuania County Marijampolė
42%
Chile Region Maule
42%
Uganda District Mbale
42%
Somalia Region Middle Shabelle
42%
Slovenia Municipality Mokronog-Trebelno
42%
Monaco Ward Monaco-Ville
42%
Benin Department Mono
42%
San Marino Municipality Montegiardino
42%
Uganda District Moroto
42%
Uganda District Mukono
42%
Iceland Municipality Mýrdalshreppur
42%
Japan Prefecture Nagano
42%
Colombia Department Nariño
42%
North Macedonia Municipality Negotino
42%
Panama Region Ngäbe-Buglé
42%
Sudan State North Darfur
42%
Slovenia City Novo Mesto
42%
Chile Region Ñuble
42%
Poland Province Opole
42%
Andorra Parish Ordino
42%
Namibia Region Oshikoto
42%
Portugal District Porto
42%
France Region Provence-Alpes-Côte d'Azur
42%
Peru Departament Puno
42%
Bangladesh Division Rangpur
42%
Iceland Municipality Reykhólahreppur
42%
Sudan State River Nile
42%
Uruguay Departament Salto
42%
Trinidad and Tobago Region San Juan–Laventille
42%
Uganda District Sembabule
42%
Slovenia Municipality Šentjur
42%
San Marino Municipality Serravalle
42%
Iceland Municipality Seyðisfjörður
42%
Iceland Municipality Skaftárhreppur
42%
Iceland Municipality Skagafjörður
42%
Iceland Municipality Skeiða- og Gnúpverjahreppur
42%
Iceland Municipality Skorradalshreppur
42%
Iceland Municipality Skútustaðahreppur
42%
Nigeria State Sokoto
42%
Uruguay Departament Soriano
42%
Sudan State South Darfur
42%
Iceland Municipality Stykkishólmur
42%
Iceland Municipality Súðavíkurhreppur
42%
Iceland Municipality Svalbarðshreppur
42%
Iceland Municipality Svalbarðsstrandarhreppur
42%
North Macedonia Municipality Sveti Nikole
42%
Iceland Municipality Tálknafjarðarhreppur
42%
Chad Region Tandjilé
42%
Switzerland Canton Ticino
42%
Mauritania Region Tiris Zemmour
42%
Iceland Municipality Tjörneshreppur
42%
Tunisia Province Tozeur
42%
South Sudan State Upper Nile
42%
Samoa District Vaisigano
42%
Honduras Department Valle
42%
Italy Region Veneto
42%
Iceland Municipality Vopnafjarðarhreppur
42%
Sudan State West Darfur
42%
Sudan State White Nile
42%
China Region Xinjiang Uyghur
42%
North Macedonia Municipality Želino
42%
Slovenia Municipality Žetale
42%
Norway Region Agder
41%
Spain Community Andalusia
41%
Ivory Coast Region Bélier
41%
Moldova Municipality Bender
41%
Gambia Region Central River
41%
Nigeria State Cross River
41%
Albania County Dibër
41%
Seychelles District English River
41%
Hungary County Fejér
41%
Albania County Fier
41%
Albania County Gjirokastër
41%
Mongolia Province Govisumber
41%
Ivory Coast Region Grands-Ponts
41%
Luxembourg Canton Grevenmacher
41%
Jamaica Parish Hanover
41%
Slovenia City Koper
41%
Slovenia Municipality Ljutomer
41%
Slovenia Municipality Log-Dragomer
41%
Gambia Region Lower River
41%
Jamaica Parish Manchester
41%
United States State Massachusetts
41%
Kuwait Province Mubarak Al-Kabeer
41%
Russia Area Nenets
41%
Nigeria State Niger
41%
Colombia Department Norte de Santander
41%
Uganda District Pader
41%
Saint Kitts and Nevis Island Saint Kitts
41%
Antigua and Barbuda Parish Saint Peter
41%
Barbados Parish Saint Peter
41%
Dominica Parish Saint Peter
41%
Colombia Department Santander
41%
Albania County Shkodër
41%
Kenya County Tana River
41%
Somalia Region Togdheer
41%
Russia Region Tver
41%
Gambia Region Upper River
41%
Russia Area Yamalo-Nenets
41%
Niger Region Zinder
41%
Switzerland Canton Geneva
40%
Algeria Province Aïn Témouchent
39%
Oman Province Al Batinah North
39%
Oman Province Al Batinah South
39%
Russia Region Arkhangelsk
39%
Oman Province Ash Sharqiyah North
39%
Oman Province Ash Sharqiyah South
39%
Indonesia Province Bangka Belitung Islands
39%
Bahamas District Black Point
39%
United Kingdom Territory British Virgin Islands
39%
Russia Region Bryansk
39%
Peru City Callao
39%
Thailand Province Chachoengsao
39%
Russia Region Chelyabinsk
39%
Netherlands Country Curaçao
39%
Morocco Region Dakhla-Oued Ed-Dahab
39%
Philippines Region Davao
39%
Ukraine Region Dnipropetrovsk
39%
Ukraine Region Donetsk
39%
Cameroon Region Far North
39%
Afghanistan Province Faryab
39%
Iceland Municipality Fljótsdalshérað
39%
Mali Region Gao
39%
Liberia County Grand Cape Mount
39%
Russia Region Irkutsk
39%
Ukraine Region Ivano-Frankivsk
39%
Russia Territory Khabarovsk
39%
Russia Territory Krasnoyarsk
39%
Russia Region Kursk
39%
Russia Region Lipetsk
39%
Ireland County Louth
39%
Ukraine Region Luhansk
39%
Brazil State Maranhão
39%
Zimbabwe Province Matabeleland North
39%
Zimbabwe Province Matabeleland South
39%
Ireland County Meath
39%
Belarus City Minsk
39%
Belarus Region Minsk
39%
Russia Region Murmansk
39%
Philippines Autonomous Region Muslim Mindanao
39%
Tuvalu Island Niutao
39%
Cameroon Region North
39%
Lebanon Province North
39%
Philippines Region Northern Mindanao
39%
Russia Region Novosibirsk
39%
Russia Region Omsk
39%
Myanmar Zone Pa'O
39%
Tanzania Region Pemba North
39%
Tanzania Region Pemba South
39%
Thailand Province Phayao
39%
Italy Region Piedmont
39%
India State Punjab
39%
Pakistan Province Punjab
39%
Jamaica Parish Saint Elizabeth
39%
Kazakhstan City Shymkent
39%
Russia Region Smolensk
39%
Cameroon Region South
39%
Lebanon Province South
39%
Russia Region Sverdlovsk
39%
Mauritania Region Tagant
39%
Uzbekistan City Tashkent
39%
Uzbekistan Region Tashkent
39%
Russia Region Tomsk
39%
Russia Region Ulyanovsk
39%
Tanzania Region Unguja North
39%
Tanzania Region Unguja South
39%
United States State Vermont
39%
Belarus Region Vitebsk
39%
Ghana Region Western North
39%
Ireland County Westmeath
39%
Azerbaijan District Zardab
39%
United States Territory American Samoa
38%
India Territory Andaman and Nicobar Islands
38%
Spain Community Balearic Islands
38%
Honduras Department Bay Islands
38%
Bahamas District Berry Islands
38%
Madagascar Province Boeny
38%
France Region Brittany
38%
Spain Community Canary Islands
38%
United Kingdom Territory Cayman Islands
38%
Cuba Province Cienfuegos
38%
Australia Overseas Territory Cocos (Keeling) Islands
38%
New Zealand Association Cook Islands
38%
Papua New Guinea Province Eastern Highlands
38%
Andorra Parish Escaldes-Engordany
38%
United Kingdom Territory Falkland Islands
38%
Denmark Country Faroe Islands
38%
India State Goa
38%
Vietnam Province Khánh Hòa
38%
Ireland County Kilkenny
38%
Seychelles District La Digue and Inner Islands
38%
Germany State Lower Saxony
38%
Zimbabwe Province Midlands
38%
Netherlands Country Netherlands
38%
Serbia District Nišava
38%
United States Territory Northern Mariana Islands
38%
Seychelles District Outer Islands
38%
United Kingdom Territory Pitcairn Islands
38%
Indonesia Province Riau Islands
38%
Dominican Republic Province San José de Ocoa
38%
Germany State Saxony
38%
Mexico State Sinaloa
38%
Papua New Guinea Province Southern Highlands
38%
Vietnam Province Thanh Hóa
38%
Jamaica Parish Trelawny
38%
United Kingdom Territory Turks and Caicos Islands
38%
Italy Region Tuscany
38%
United States Territory United States Virgin Islands
38%
Madagascar Province Vatovavy-Fitovinany
38%
Papua New Guinea Province Western Highlands
38%
Switzerland Canton Aargau
37%
Mauritius Island Agaléga
37%
São Tomé and Príncipe District Água Grande
37%
Oman Province Al Buraymi
37%
Syria Province Aleppo
37%
Madagascar Province Analamanga
37%
Seychelles District Anse Boileau
37%
Kazakhstan Region Atyrau
37%
Romania County Bacău
37%
Nauru District Baitsi
37%
Indonesia Province Bali
37%
Vietnam Province Bà Rịa-Vũng Tàu
37%
East Timor Municipality Baucau
37%
Serbia City Belgrade
37%
Guinea-Bissau Sector Bissau
37%
Slovenia Municipality Bistrica ob Sotli
37%
Liberia County Bomi
37%
Portugal District Braga
37%
Uganda District Bulambuli
37%
Uganda District Buyende
37%
Romania County Buzău
37%
Moldova District Călărași
37%
Romania County Călărași
37%
Vietnam Province Cà Mau
37%
Philippines Region Caraga
37%
Seychelles District Cascade
37%
Indonesia Province Central Sulawesi
37%
Chad Region Chari-Baguirmi
37%
Ukraine Region Chernivtsi
37%
Nicaragua Department Chinandega
37%
Moldova Municipality Chișinău
37%
Turkey Province Denizli
37%
East Timor Municipality Dili
37%
Benin Department Donga
37%
Niger Region Dosso
37%
Honduras Department El Paraíso
37%
Guatemala Department El Progreso
37%
Papua New Guinea Province Enga
37%
Nicaragua Department Estelí
37%
Samoa District Faʻasaleleaga
37%
Azerbaijan District Fizuli
37%
Samoa District Gagaʻemauga
37%
Samoa District Gagaʻifomauga
37%
Burundi Province Gitega
37%
Democratic Republic of the Congo Province Haut-Katanga
37%
Democratic Republic of the Congo Province Haut-Lomami
37%
Kuwait Province Hawalli
37%
Romania County Iași
37%
Uganda District Iganga
37%
Azerbaijan District Imishli
37%
Tanzania Region Iringa
37%
Azerbaijan District Ismailli
37%
Nicaragua Department Jinotega
37%
Kenya County Kakamega
37%
Russia Region Kaluga
37%
Uganda District Kamuli
37%
Bulgaria Province Kardzhali
37%
Uganda District Karenga
37%
Nepal Province Karnali
37%
Uganda District Kayunga
37%
Tunisia Province Kebili
37%
Russia Area Khanty-Mansi
37%
Azerbaijan District Khojali
37%
Uganda District Kiboga
37%
Rwanda Province Kigali
37%
Kenya County Kirinyaga
37%
Turkey Province Kırklareli
37%
Turkey Province Kocaeli
37%
Russia Republic Komi
37%
Latvia Municipality Kuldīga
37%
Uganda District Kumi
37%
Georgia Region Kvemo Kartli
37%
Finland Region Kymenlaakso
37%
Vietnam Province Lai Châu
37%
Dominican Republic Province La Vega
37%
South Africa Province Limpopo
37%
Democratic Republic of the Congo Province Lomami
37%
Senegal Region Louga
37%
Uganda District Lyantonde
37%
China Special Region Macau
37%
Kazakhstan Region Mangystau
37%
Brazil State Mato Grosso
37%
Slovenia Municipality Medvode
37%
Taiwan County Miaoli
37%
Marshall Islands Municipality Mili
37%
Comoros Island Mohéli
37%
South Africa Province Mpumalanga
37%
Uganda District Mubende
37%
Zambia Province Muchinga
37%
Kenya County Murang'a
37%
Burundi Province Muyinga
37%
Myanmar Zone Naga
37%
North Korea Special City Nampo
37%
Tuvalu Island Nanumanga
37%
Ecuador Province Napo
37%
Palau State Ngardmau
37%
Turkey Province Niğde
37%
Indonesia Province North Sulawesi
37%
Tuvalu Island Nukufetau
37%
Gabon Province Nyanga
37%
Central African Republic Prefecture Ouham-Pendé
37%
Samoa District Palauli
37%
Thailand Province Phang Nga
37%
Benin Department Plateau
37%
Nigeria State Plateau
37%
Bolivia Department Potosí
37%
Latvia Municipality Preiļi
37%
Azerbaijan District Qubadli
37%
Indonesia Province Riau
37%
Cape Verde Municipality Ribeira Grande
37%
Latvia City Rīga
37%
Uganda District Rukiga
37%
Japan Prefecture Saga
37%
Trinidad and Tobago Region Sangre Grande
37%
Mexico State San Luis Potosí
37%
Georgia Region Shida Kartli
37%
Japan Prefecture Shiga
37%
Tanzania Region Shinyanga
37%
Mali Region Sikasso
37%
Ethiopia Region Somali
37%
Indonesia Province Southeast Sulawesi
37%
Indonesia Province South Sulawesi
37%
North Macedonia Municipality Struga
37%
Latvia Municipality Talsi
37%
Tanzania Region Tanga
37%
Cape Verde Municipality Tarrafal de São Nicolau
37%
Georgia Municipality Tbilisi
37%
Switzerland Canton Thurgau
37%
Guinea-Bissau Region Tombali
37%
Libya District Tripoli
37%
Democratic Republic of the Congo Province Tshopo
37%
Samoa District Tuamasaga
37%
Turkey Province Tunceli
37%
Peru Departament Ucayali
37%
Central African Republic Prefecture Vakaga
37%
Estonia County Valga
37%
Chile Region Valparaíso
37%
Dominican Republic Province Valverde
37%
Tonga Division Vavaʻu
37%
Kenya County Vihiga
37%
Uganda District Wakiso
37%
Indonesia Province West Sulawesi
37%
Laos Province Xaignabouli
37%
Azerbaijan District Yardymli
37%
San Marino Municipality Acquaviva
36%
Turkey Province Aksaray
36%
Paraguay Departament Alto Paraguay
36%
Paraguay Departament Amambay
36%
Brazil State Amapá
36%
Peru Departament Arequipa
36%
Latvia Municipality Augšdaugava
36%
Ecuador Province Azuay
36%
Madagascar Province Bongolava
36%
Slovakia Region Bratislava
36%
Cape Verde Municipality Brava
36%
Montenegro Municipality Budva
36%
Paraguay Departament Caazapá
36%
Slovenia Municipality Cankova
36%
North Macedonia Municipality Centar Župa
36%
Indonesia Province Central Java
36%
San Marino Municipality Chiesanuova
36%
Slovenia Municipality Dornava
36%
Croatia County Dubrovnik-Neretva
36%
Indonesia Province East Java
36%
Azerbaijan District Gadabay
36%
Ireland City Galway
36%
Ireland County Galway
36%
Kosovo District Gjakova
36%
Azerbaijan District Goychay
36%
Bahamas District Grand Cay
36%
Bahamas District Green Turtle Cay
36%
Turkey Province Hatay
36%
Kenya County Homa Bay
36%
Guatemala Department Jalapa
36%
Estonia County Järva
36%
Latvia City Jelgava
36%
Latvia Municipality Jelgava
36%
Australia Territory Jervis Bay
36%
Estonia County Jõgeva
36%
Guatemala Department Jutiapa
36%
Latvia Municipality Ķekava
36%
Federated States of Micronesia State Kosrae
36%
Kazakhstan Region Kostanay
36%
Latvia Municipality Krāslava
36%
Marshall Islands Municipality Lae
36%
Argentina Province La Pampa
36%
Slovenia Municipality Lendava
36%
Moldova District Leova
36%
Serbia District Mačva
36%
Myanmar Region Magway
36%
Vanuatu Province Malampa
36%
Myanmar Region Mandalay
36%
Bahamas District Mangrove Cay
36%
Nicaragua Department Matagalpa
36%
Papua New Guinea Province Milne Bay
36%
North Korea Province North Hwanghae
36%
Tuvalu Island Nukulaelae
36%
Botswana Town Orapa
36%
Namibia Region Otjozondjupa
36%
Laos Province Oudomxay
36%
Thailand Province Phrae
36%
Ukraine Region Poltava
36%
Estonia County Põlva
36%
Romania County Prahova
36%
Cape Verde Municipality Ribeira Brava
36%
Bahamas District Rum Cay
36%
Madagascar Province Sava
36%
Slovenia Municipality Solčava
36%
North Korea Province South Hwanghae
36%
Romania County Suceava
36%
Ethiopia Region Tigray
36%
Slovenia Municipality Tišina
36%
Slovakia Region Trnava
36%
Democratic Republic of the Congo Province Tshuapa
36%
Russia Republic Tuva
36%
Marshall Islands Municipality Ujae
36%
Sri Lanka Province Uva
36%
Slovenia Municipality Vipava
36%
Indonesia Province West Java
36%
Turkey Province Yalova
36%
Guatemala Department Zacapa
36%
Kazakhstan Region Aktobe
35%
Portugal District Beja
35%
Tunisia Province Béja
35%
Angola Province Bié
35%
Burundi Province Bujumbura Mairie
35%
Uganda District Butaleja
35%
Botswana District Chobe
35%
Suriname District Coronie
35%
North Macedonia Municipality Demir Kapija
35%
Tajikistan Region Dushanbe
35%
Azerbaijan City Ganja
35%
North Macedonia Municipality Gevgelija
35%
Nigeria State Gombe
35%
Iraq Province Halabja
35%
Slovenia Municipality Idrija
35%
Madagascar Province Ihorombe
35%
Uganda District Jinja
35%
Uganda District Kikuube
35%
Cambodia Province Kratié
35%
Guinea Region Labé
35%
Saint Lucia District Laborie
35%
Argentina Province La Rioja
35%
Spain Community La Rioja
35%
Uruguay Departament Lavalleja
35%
Lesotho District Leribe
35%
Latvia City Liepāja
35%
Slovenia Municipality Litija
35%
Ecuador Province Loja
35%
Democratic Republic of the Congo Province Mai-Ndombe
35%
Madagascar Province Menabe
35%
Japan Prefecture Mie
35%
Slovenia Municipality Mislinja
35%
Papua New Guinea Province Morobe
35%
Angola Province Namibe
35%
Gabon Province Ngounié
35%
Suriname District Nickerie
35%
Tanzania Region Njombe
35%
France Region Occitanie
35%
Croatia County Osijek-Baranja
35%
Serbia District Pčinja
35%
Kosovo District Peja
35%
Trinidad and Tobago Region Penal–Debe
35%
Montenegro Municipality Pljevlja
35%
Poland Province Podlaskie
35%
Serbia District Šumadija
35%
Bolivia Department Tarija
35%
Nigeria State Yobe
35%
Uganda District Yumbe
35%
Uganda District Buikwe
34%
Lesotho District Butha-Buthe
34%
Mexico State Campeche
34%
Bahamas District Central Andros
34%
Slovenia Municipality Cerkvenjak
34%
Laos Province Champasak
34%
Vietnam Province Đắk Lắk
34%
Japan Prefecture Ehime
34%
Argentina Province Entre Ríos
34%
Ecuador Province Galápagos
34%
Honduras Department Gracias a Dios
34%
Seychelles District Grand'Anse Mahé
34%
Palau State Hatohobei
34%
China Province Hebei
34%
Slovenia Municipality Hodoš
34%
China Province Hubei
34%
Philippines Region Ilocos
34%
South Sudan State Jonglei
34%
Finland Region Kanta-Häme
34%
Jordan Province Karak
34%
North Macedonia Municipality Karpoš
34%
Nigeria State Lagos
34%
Ivory Coast Region La Mé
34%
Albania County Lezhë
34%
Thailand Province Loei
34%
Chile Region Los Lagos
34%
Chile Region Los Ríos
34%
Ecuador Province Los Ríos
34%
Panama Province Los Santos
34%
Kenya County Machakos
34%
Peru Departament Madre de Dios
34%
Central African Republic Prefecture Mambéré-Kadéï
34%
Italy Region Marche
34%
Togo Region Maritime
34%
Mexico State Morelos
34%
Cape Verde Municipality Mosteiros
34%
Greece Region Mount Athos
34%
Uganda District Napak
34%
Taiwan Municipality New Taipei
34%
Bahamas District North Andros
34%
Gabon Province Ogooué-Maritime
34%
Moldova District Orhei
34%
Benin Department Ouémé
34%
Finland Region Päijät-Häme
34%
Cyprus District Paphos
34%
Malaysia State Perak
34%
Federated States of Micronesia State Pohnpei
34%
Guatemala Department Quiché
34%
Guatemala Department San Marcos
34%
Cape Verde Municipality São Domingos
34%
Cape Verde Municipality São Lourenço dos Órgãos
34%
Malaysia State Sarawak
34%
Botswana Town Selebi-Phikwe
34%
Armenia Province Shirak
34%
Moldova District Sîngerei
34%
Turkey Province Şırnak
34%
Tanzania Region Songwe
34%
Bahamas District South Andros
34%
Latvia Municipality South Kurzeme
34%
Ecuador Province Sucumbíos
34%
Taiwan Municipality Taipei
34%
Thailand Province Tak
34%
Turkey Province Uşak
34%
Afghanistan Province Wardak
34%
Montenegro Municipality Žabljak
34%
Turkey Province Zonguldak
34%
Uganda District Agago
33%
Iran Province Ardabil
33%
Armenia Province Armavir
33%
Saudi Arabia Region Asir
33%
Pakistan Territory Azad Jammu and Kashmir
33%
Iraq Province Babil
33%
Myanmar Region Bago
33%
Somalia Region Bakool
33%
Turkey Province Balıkesir
33%
Somalia Region Banaadir
33%
Kenya County Baringo
33%
Seychelles District Bel Air
33%
Angola Province Bengo
33%
Philippines Region Bicol
33%
Turkey Province Bingöl
33%
Iceland Municipality Bláskógabyggð
33%
Iceland Municipality Borgarbyggð
33%
Republic of the Congo Department Bouenza
33%
Burundi Province Bubanza
33%
North Macedonia Municipality Čair
33%
Moldova District Cantemir
33%
Ireland County Carlow
33%
Costa Rica Province Cartago
33%
Uruguay Departament Cerro Largo
33%
El Salvador Department Chalatenango
33%
Guatemala Department Chimaltenango
33%
Angola Province Cuando Cubango
33%
Iceland Municipality Dalabyggð
33%
Iceland Municipality Dalvíkurbyggð
33%
Djibouti Region Dikhil
33%
Turkey Province Diyarbakır
33%
Mexico State Durango
33%
Algeria Province El M'Ghair
33%
Iraq Province Erbil
33%
Namibia Region Erongo
33%
Turkey Province Eskişehir
33%
Iceland Municipality Fjallabyggð
33%
Iceland Municipality Fjarðabyggð
33%
Mozambique Province Gaza
33%
Egypt Province Giza
33%
Ivory Coast Region Gontougo
33%
Mauritania Region Gorgol
33%
Azerbaijan District Goygol
33%
Cuba Province Guantánamo
33%
Saudi Arabia Region Ha'il
33%
Ivory Coast Region Hambol
33%
Mexico State Hidalgo
33%
Guatemala Department Huehuetenango
33%
Japan Prefecture Hyōgo
33%
Turkey Province Iğdır
33%
Nigeria State Imo
33%
Jordan Province Irbid
33%
Turkey Province İzmir
33%
Azerbaijan District Jabrayil
33%
India Territory Jammu and Kashmir
33%
Burundi Province Kayanza
33%
Central African Republic Prefecture Kémo
33%
Mongolia Province Khövsgöl
33%
Turkey Province Kırşehir
33%
Uganda District Kiryandongo
33%
Slovenia Municipality Kobarid
33%
Azerbaijan District Kurdamir
33%
Democratic Republic of the Congo Province Kwango
33%
Bulgaria Province Kyustendil
33%
Iceland Municipality Langanesbyggð
33%
Cyprus District Limassol
33%
Latvia Municipality Ludza
33%
Uganda District Lwengo
33%
Spain Community Madrid
33%
Zimbabwe Province Masvingo
33%
Argentina Province Mendoza
33%
Azerbaijan City Mingachevir
33%
Tunisia Province Monastir
33%
Ecuador Province Morona-Santiago
33%
Russia City Moscow
33%
Russia Region Moscow
33%
Tanzania Region Mwanza
33%
Uganda District Namayingo
33%
Turkey Province Nevşehir
33%
Uganda District Ntungamo
33%
North Macedonia Municipality Ohrid
33%
Russia Region Oryol
33%
Afghanistan Province Panjshir
33%
Ecuador Province Pastaza
33%
Russia Region Penza
33%
Republic of the Congo Department Pool
33%
Egypt Province Port Said
33%
Guatemala Department Quetzaltenango
33%
Cape Verde Municipality Ribeira Grande de Santiago
33%
Dominica Parish Saint David
33%
Grenada Parish Saint David
33%
Saint Vincent and the Grenadines Parish Saint David
33%
Cape Verde Municipality Santa Catarina do Fogo
33%
Chile Region Santiago
33%
Dominican Republic Province Santiago
33%
Dominican Republic Province Santo Domingo
33%
Afghanistan Province Sar-e Pol
33%
Russia City Sevastopol
33%
Azerbaijan District Shamkir
33%
Tunisia Province Sidi Bouzid
33%
Iceland Municipality Skagabyggð
33%
Ireland County Sligo
33%
Palau State Sonsorol
33%
Somalia Region Sool
33%
Russia Territory Stavropol
33%
Iceland Municipality Strandabyggð
33%
Slovenia Municipality Straža
33%
Ivory Coast Region Tchologo
33%
Uganda District Terego
33%
Ukraine Region Ternopil
33%
Argentina Province Tierra del Fuego
33%
Algeria Province Tipaza
33%
Trinidad and Tobago Island Tobago
33%
Mauritania Region Trarza
33%
Italy Region Trentino-South Tyrol
33%
Austria State Tyrol
33%
Iceland Municipality Vesturbyggð
33%
Russia Region Vladimir
33%
Kenya County Wajir
33%
Ireland County Wicklow
33%
Bulgaria Province Yambol
33%
Qatar Municipality Al-Shahaniya
32%
Turkey Province Amasya
32%
Turkey Province Antalya
32%
Ghana Region Ashanti
32%
Lebanon Province Baalbek-Hermel
32%
Nepal Province Bagmati
32%
Chad Region Bahr el Gazel
32%
Moldova Municipality Bălți
32%
Hungary County Baranya
32%
Lebanon Province Beqaa
32%
Sweden County Blekinge
32%
North Macedonia Municipality Butel
32%
Russia Republic Chechnya
32%
Syria Province Daraa
32%
Senegal Region Diourbel
32%
Djibouti Region Djibouti
32%
Nigeria State Ekiti
32%
Moldova District Fălești
32%
Kuwait Province Farwaniya
32%
Moldova District Florești
32%
Tuvalu Island Funafuti
32%
Romania County Galați
32%
Belarus Region Gomel
32%
Bhutan District Haa
32%
Moldova District Hîncești
32%
Georgia Region Imereti
32%
Solomon Islands Province Isabel
32%
Algeria Province Jijel
32%
Georgia Region Kakheti
32%
Uganda District Kamwenge
32%
Palau State Kayangel
32%
Ukraine City Kiev
32%
Ukraine Region Kiev
32%
Turkey Province Konya
32%
Slovenia Municipality Kostel
32%
Turkey Province Kütahya
32%
Monaco Ward Les Moneghetti
32%
Eritrea Region Maekel
32%
Turkey Province Malatya
32%
Russia Republic Mari El
32%
Nicaragua Department Masaya
32%
Uganda District Mayuge
32%
Tanzania Region Mbeya
32%
India State Meghalaya
32%
Romania County Mehedinți
32%
Egypt Province Minya
32%
Dominican Republic Province Monseñor Nouel
32%
Dominican Republic Province Monte Cristi
32%
Mali Region Mopti
32%
Georgia Region Mtskheta-Mtianeti
32%
Burundi Province Muramvya
32%
Switzerland Canton Neuchâtel
32%
Uganda District Nwoya
32%
Namibia Region Omusati
32%
Ghana Region Oti
32%
Bhutan District Pema Gatshel
32%
Thailand Province Phra Nakhon Si Ayutthaya
32%
Finland Region Pirkanmaa
32%
Malaysia Territory Putrajaya
32%
Egypt Province Qalyubiyya
32%
Georgia Region Racha-Lechkhumi and Kvemo Svaneti
32%
Luxembourg Canton Redange
32%
Burundi Province Rumonge
32%
Burkina Faso Region Sahel
32%
Antigua and Barbuda Parish Saint George
32%
Barbados Parish Saint George
32%
Dominica Parish Saint George
32%
Grenada Parish Saint George
32%
Saint Vincent and the Grenadines Parish Saint George
32%
Barbados Parish Saint Michael
32%
Turkey Province Sakarya
32%
Georgia Region Samegrelo-Zemo Svaneti
32%
Georgia Region Samtskhe-Javakheti
32%
Yemen Province Sana'a
32%
El Salvador Department San Miguel
32%
Cape Verde Municipality São Miguel
32%
Latvia Municipality Saulkrasti
32%
Mongolia Province Selenge
32%
Kenya County Siaya
32%
Moldova District Șoldănești
32%
Uganda District Soroti
32%
Lithuania County Tauragė
32%
Moldova District Telenești
32%
Chad Region Tibesti
32%
Angola Province Uíge
32%
Finland Region Uusimaa
32%
Samoa District Va'a-o-Fonoti
32%
Libya District Wadi al Hayaa
32%
Libya District Zawiya
32%
United Arab Emirates Emirate Abu Dhabi
31%
Azerbaijan District Agdash
31%
Peru Departament Ancash
31%
India State Andhra Pradesh
31%
Iceland Municipality Árborg
31%
India State Arunachal Pradesh
31%
Germany State Baden-Württemberg
31%
Germany State Brandenburg
31%
Uganda District Bukomansimbi
31%
Moldova District Cahul
31%
Saint Lucia District Choiseul
31%
Solomon Islands Province Choiseul
31%
Russia Republic Chuvashia
31%
Angola Province Cuanza Sul
31%
Mongolia Province Darkhan-Uul
31%
Switzerland Canton Fribourg
31%
Sweden County Gävleborg
31%
Azerbaijan District Hajigabul
31%
Germany State Hamburg
31%
India State Himachal Pradesh
31%
Mauritania Region Hodh El Gharbi
31%
Slovenia Municipality Horjul
31%
Kyrgyzstan Region Issyk-Kul
31%
Turkey Province Istanbul
31%
Libya District Jabal al Gharbi
31%
Indonesia Province Jambi
31%
Jordan Province Jerash
31%
Russia Autonomous Region Jewish
31%
Afghanistan Province Kabul
31%
Nigeria State Kebbi
31%
Thailand Province Krabi
31%
Sweden County Kronoberg
31%
Angola Province Lunda Sul
31%
Luxembourg Canton Luxembourg
31%
India State Madhya Pradesh
31%
Ecuador Province Manabí
31%
Chad Region Mandoul
31%
Liberia County Margibi
31%
Brazil State Mato Grosso do Sul
31%
Tanzania Region Mjini Magharibi
31%
Tunisia Province Nabeul
31%
Kenya County Nairobi
31%
Myanmar Territory Naypyidaw
31%
Uganda District Nebbi
31%
Russia Region Orenburg
31%
Kyrgyzstan City Osh
31%
Kyrgyzstan Region Osh
31%
Cape Verde Municipality Paul
31%
Brazil State Rio Grande do Sul
31%
Antigua and Barbuda Parish Saint Paul
31%
Dominica Parish Saint Paul
31%
Russia City Saint Petersburg
31%
Austria State Salzburg
31%
Somalia Region Sanaag
31%
Liechtenstein Municipality Schellenberg
31%
South Korea Province Seoul
31%
Egypt Province Sohag
31%
Armenia Province Tavush
31%
Turkey Province Tekirdağ
31%
Liechtenstein Municipality Triesenberg
31%
Norway Region Trøndelag
31%
India State Uttar Pradesh
31%
Austria State Vorarlberg
31%
Afghanistan Province Zabul
31%
Uganda District Adjumani
30%
Azerbaijan District Agstafa
30%
Marshall Islands Municipality Ailinglaplap
30%
Uganda District Apac
30%
Peru Departament Apurímac
30%
Seychelles District Au Cap
30%
Guyana Region Barima-Waini
30%
Bolivia Department Beni
30%
Bahamas District Bimini
30%
Guinea-Bissau Region Biombo
30%
Slovenia Municipality Bloke
30%
Guinea Region Boké
30%
Romania County Botoșani
30%
Ivory Coast Region Bounkani
30%
Moldova District Briceni
30%
Uganda District Butebo
30%
Venezuela State Carabobo
30%
Moldova District Căușeni
30%
Burundi Province Cibitoke
30%
Chile Region Coquimbo
30%
Moldova District Criuleni
30%
Guyana Region Cuyuni-Mazaruni
30%
Niger Region Diffa
30%
Algeria Province Djelfa
30%
Vietnam Province Đồng Tháp
30%
North Macedonia Municipality Dolneni
30%
Slovenia Municipality Dol pri Ljubljani
30%
Moldova District Dondușeni
30%
Dominican Republic Province El Seibo
30%
Ivory Coast Region Gbêkê
30%
Afghanistan Province Ghazni
30%
Moldova District Glodeni
30%
Israel District Haifa
30%
Namibia Region Hardap
30%
Angola Province Huambo
30%
Moldova District Ialoveni
30%
Croatia County Karlovac
30%
North Macedonia Municipality Kočani
30%
North Macedonia Municipality Krivogaštani
30%
Chad Region Lac
30%
Turkmenistan Region Lebap
30%
Latvia Municipality Līvāni
30%
Liberia County Lofa
30%
Eswatini Region Lubombo
30%
Nepal Province Lumbini
30%
Kenya County Makueni
30%
Marshall Islands Municipality Maloelap
30%
Eswatini Region Manzini
30%
Montenegro Municipality Mojkovac
30%
Uganda District Nakaseke
30%
Moldova District Nisporeni
30%
Namibia Region Omaheke
30%
Uganda District Otuke
30%
Suriname District Paramaribo
30%
Thailand Province Pathum Thani
30%
Thailand Province Pattani
30%
Guyana Region Potaro-Siparuni
30%
Tanzania Region Pwani
30%
Moldova District Rîșcani
30%
Marshall Islands Municipality Rongelap
30%
Dominica Parish Saint Luke
30%
Turkey Province Şanlıurfa
30%
Vanuatu Province Shefa
30%
Eswatini Region Shiselweni
30%
Cambodia Province Siem Reap
30%
Suriname District Sipaliwini
30%
Moldova District Strășeni
30%
North Macedonia Municipality Studeničani
30%
Thailand Province Surat Thani
30%
Uruguay Departament Tacuarembó
30%
Thailand Province Ubon Ratchathani
30%
Thailand Province Udon Thani
30%
Moldova District Ungheni
30%
Guyana Region Upper Takutu-Upper Essequibo
30%
Thailand Province Uthai Thani
30%
Latvia Municipality Varakļāni
30%
North Macedonia Municipality Vevčani
30%
South Sudan State Warrap
30%
Federated States of Micronesia State Yap
30%
Uganda District Zombo
30%
Azerbaijan District Aghjabadi
29%
Kuwait Province Ahmadi
29%
Benin Department Atlantique
29%
Ivory Coast Region Bagoué
29%
Somalia Region Bari
29%
Spain Community Basque
29%
Nigeria State Benue
29%
Zimbabwe Province Bulawayo
29%
Uganda District Bundibugyo
29%
Grenada Dependency Carriacou and Petite Martinique
29%
São Tomé and Príncipe District Caué
29%
Ivory Coast Region Cavally
29%
Belize District Cayo
29%
Afghanistan Province Daykundi
29%
Nauru District Denigomodu
29%
Nepal Province Gandaki
29%
Gabon Province Haut-Ogooué
29%
Japan Prefecture Ibaraki
29%
Monaco Ward Jardin Exotique
29%
Uganda District Kagadi
29%
Botswana District Kgalagadi
29%
Azerbaijan City Khankendi
29%
Slovenia Municipality Kostanjevica na Krki
29%
Peru Departament Lambayeque
29%
Tanzania Region Lindi
29%
Niger Region Maradi
29%
Ivory Coast Region Marahoué
29%
France Region Martinique
29%
Azerbaijan District Masally
29%
Uganda District Masindi
29%
Cuba Province Mayabeque
29%
Ireland County Mayo
29%
Japan Prefecture Miyazaki
29%
Gabon Province Moyen-Ogooué
29%
Uganda District Moyo
29%
Japan Prefecture Nagasaki
29%
Iraq Province Najaf
29%
Kenya County Nandi
29%
Panama Region Naso Tjër Di
29%
New Zealand Association Niue
29%
Honduras Department Ocotepeque
29%
Ireland County Offaly
29%
Turkey Province Ordu
29%
Nigeria State Oyo
29%
Uruguay Departament Paysandú
29%
Laos Province Phongsaly
29%
Seychelles District Pointe La Rue
29%
Czech Republic Region Prague
29%
Colombia Department Putumayo
29%
Uzbekistan Region Qashqadaryo
29%
Azerbaijan District Saatly
29%
Azerbaijan City Shaki
29%
Azerbaijan District Shaki
29%
Italy Region Sicily
29%
Uzbekistan Region Sirdaryo
29%
Slovenia Municipality Šmartno ob Paki
29%
Uzbekistan Region Surxondaryo
29%
India State Tamil Nadu
29%
Estonia County Tartu
29%
Solomon Islands Province Temotu
29%
Vietnam Province Thừa Thiên-Huế
29%
Japan Prefecture Tokyo
29%
Estonia County Viljandi
29%
East Timor Municipality Viqueque
29%
Slovenia Municipality Železniki
29%
Maldives City Addu City
28%
Palau State Aimeliik
28%
Kazakhstan City Almaty
28%
Kazakhstan Region Almaty
28%
Lithuania County Alytus
28%
Tunisia Province Ben Arous
28%
Turkey Province Bilecik
28%
Iceland Municipality Bolungarvík
28%
Syria Province Damascus
28%
Slovenia Municipality Destrnik
28%
Slovenia Municipality Dobrovnik
28%
Papua New Guinea Province East Sepik
28%
Armenia Province Gegharkunik
28%
Switzerland Canton Glarus
28%
Slovenia Municipality Hrastnik
28%
Slovenia Municipality Kamnik
28%
Azerbaijan District Lerik
28%
Papua New Guinea Province Manus
28%
Mauritius Island Mauritius
28%
Mexico District Mexico City
28%
Turkey Province Muş
28%
Marshall Islands Municipality Namdrik
28%
Iceland Municipality Ölfus
28%
Bulgaria Province Pazardzhik
28%
Bulgaria Province Pernik
28%
Slovenia Municipality Podlehnik
28%
Iceland Municipality Reykjavík
28%
Latvia Municipality Saldus
28%
Cuba Province Sancti Spíritus
28%
Montenegro Municipality Šavnik
28%
Bulgaria Province Sofia City
28%
Armenia Province Syunik
28%
Syria Province Tartus
28%
South Sudan State Unity
28%
Marshall Islands Municipality Utirik
28%
Lithuania County Vilnius
28%
Slovenia Municipality Vojnik
28%
North Macedonia Municipality Aerodrom
27%
Nigeria State Akwa Ibom
27%
Mali District Bamako
27%
Bosnia and Herzegovina District Brčko
27%
Slovenia Municipality Cerklje na Gorenjskem
27%
Slovenia Municipality Črna na Koroškem
27%
Senegal Region Fatick
27%
North Macedonia Municipality Gradsko
27%
Israel District Jerusalem
27%
Slovenia Municipality Jezersko
27%
Cambodia Province Kampong Thom
27%
Chad Region Kanem
27%
Senegal Region Kaolack
27%
Equatorial Guinea Province Kié-Ntem
27%
Uganda District Koboko
27%
Hungary County Komárom-Esztergom
27%
Slovenia Municipality Krško
27%
Slovenia Municipality Laško
27%
East Timor Municipality Lautém
27%
Ireland City-County Limerick
27%
Algeria Province Mostaganem
27%
Thailand Province Nakhon Pathom
27%
Thailand Province Nakhon Phanom
27%
Canada Province New Brunswick
27%
Uganda District Ntoroko
27%
Djibouti Region Obock
27%
Central African Republic Prefecture Ombella-M'Poko
27%
Iran Province Qom
27%
Slovenia Municipality Ravne na Koroškem
27%
Slovenia Municipality Renče–Vogrsko
27%
Dominica Parish Saint Patrick
27%
Grenada Parish Saint Patrick
27%
Saint Vincent and the Grenadines Parish Saint Patrick
27%
Portugal District Santarém
27%
Uganda District Sironko
27%
Serbia District Srem
27%
Czech Republic Region Ústí nad Labem
27%
Hungary County Veszprém
27%
Slovenia Municipality Videm
27%
Slovenia Municipality Vransko
27%
Croatia County Vukovar-Srijem
27%
Gabon Province Woleu-Ntem
27%
Jordan Province Ajloun
26%
Yemen Province Al Mahwit
26%
Guatemala Department Alta Verapaz
26%
Myanmar Region Ayeyarwady
26%
Hungary County Bács-Kiskun
26%
Guatemala Department Baja Verapaz
26%
Brunei District Belait
26%
Slovenia Municipality Beltinci
26%
North Macedonia Municipality Bogdanci
26%
Burkina Faso Region Boucle du Mouhoun
26%
Slovenia Municipality Črenšovci
26%
Iceland Municipality Eyjafjarðarsveit
26%
Kosovo District Ferizaj
26%
Turkey Province Giresun
26%
Slovenia Municipality Gornji Petrovci
26%
Morocco Region Guelmim-Oued Noun
26%
Iceland Municipality Helgafellssveit
26%
Iceland Municipality Hörgársveit
26%
Iceland Municipality Hvalfjarðarsveit
26%
Slovenia Municipality Izola
26%
Marshall Islands Municipality Jaluit
26%
Slovenia Municipality Juršinci
26%
Kazakhstan Region Karagandy
26%
North Macedonia Municipality Karbinci
26%
North Macedonia Municipality Kavadarci
26%
Azerbaijan District Khachmaz
26%
Croatia County Koprivnica-Križevci
26%
Slovenia Municipality Križevci
26%
Thailand Province Lamphun
26%
Bolivia Department La Paz
26%
El Salvador Department La Paz
26%
Honduras Department La Paz
26%
Italy Region Lombardy
26%
Slovenia Municipality Markovci
26%
Kenya County Marsabit
26%
Marshall Islands Municipality Mejit
26%
Uganda District Nakapiripirit
26%
Mexico State Nayarit
26%
France Region Normandy
26%
North Macedonia Municipality Novaci
26%
Slovenia Municipality Odranci
26%
Nigeria State Ogun
26%
Nigeria State Osun
26%
Thailand Province Phetchabun
26%
Thailand Province Phichit
26%
Montenegro Municipality Plav
26%
Slovenia Municipality Puconci
26%
Slovenia Municipality Radenci
26%
Slovenia Municipality Rogašovci
26%
Romania County Sălaj
26%
Slovenia Municipality Šalovci
26%
Turkey Province Samsun
26%
Papua New Guinea Province Sandaun
26%
Argentina Province Santa Fe
26%
North Macedonia Municipality Saraj
26%
Thailand Province Satun
26%
Azerbaijan City Sumqayit
26%
Slovenia Municipality Sveti Jurij ob Ščavnici
26%
Slovenia Municipality Sveti Tomaž
26%
Mali Region Taoudénit
26%
Iceland Municipality Þingeyjarsveit
26%
Algeria Province Timimoun
26%
Turkey Province Tokat
26%
Thailand Province Uttaradit
26%
Iraq Province Wasit
26%
Laos Province Xaisomboun
26%
North Macedonia Municipality Zrnovci
26%
Azerbaijan District Agsu
25%
Japan Prefecture Aichi
25%
Uganda District Amuru
25%
Moldova District Anenii Noi
25%
Nigeria State Bauchi
25%
Indonesia Province Bengkulu
25%
Montenegro Municipality Bijelo Polje
25%
North Macedonia Municipality Bogovinje
25%
Turkey Province Bolu
25%
Ecuador Province Carchi
25%
Slovenia City Celje
25%
Montenegro Municipality Cetinje
25%
India Territory Delhi
25%
Slovenia Municipality Dobje
25%
Slovenia Municipality Dobrepolje
25%
China Province Gansu
25%
Liberia County Gbarpolu
25%
Slovenia Municipality Gorje
25%
Liberia County Grand Kru
25%
Slovenia Municipality Grosuplje
25%
Uganda District Gulu
25%
Montenegro Municipality Gusinje
25%
Maldives Atoll Hahdhunmathi
25%
Vietnam Municipality Hà Nội
25%
Czech Republic Region Hradec Králové
25%
Iceland Municipality Hveragerði
25%
Estonia County Ida-Viru
25%
China Province Jiangsu
25%
Slovenia Municipality Kobilje
25%
Slovenia Municipality Kočevje
25%
Japan Prefecture Kōchi
25%
Maldives Atoll Kolhumadulu
25%
Slovenia Municipality Kozje
25%
Croatia County Krapina-Zagorje
25%
Democratic Republic of the Congo Province Kwilu
25%
Estonia County Lääne-Viru
25%
Jordan Province Mafraq
25%
Angola Province Malanje
25%
East Timor Municipality Manufahi
25%
Lesotho District Maseru
25%
Croatia County Međimurje
25%
Kenya County Meru
25%
São Tomé and Príncipe District Mé-Zóchi
25%
Slovenia Municipality Mozirje
25%
Bahrain Province Muharraq
25%
Kenya County Nakuru
25%
Slovenia Municipality Nazarje
25%
Montenegro Municipality Nikšić
25%
Maldives Atoll North Maalhosmadulu
25%
Maldives Atoll North Miladhunmadulu
25%
Maldives Atoll North Thiladhunmathi
25%
Algeria Province Oum El Bouaghi
25%
Serbia District Podunavlje
25%
Serbia District Pomoravlje
25%
Slovenia Municipality Prevalje
25%
Bangladesh Division Rajshahi
25%
Slovenia Municipality Razkrižje
25%
Montenegro Municipality Rožaje
25%
Kenya County Samburu
25%
Democratic Republic of the Congo Province Sankuru
25%
Slovenia Municipality Semič
25%
Azerbaijan District Shamakhi
25%
Maldives Atoll South Maalhosmadulu
25%
Maldives Atoll South Miladhunmadulu
25%
Maldives City South Thiladhunmathi
25%
Kenya County Tharaka-Nithi
25%
Slovenia Municipality Trbovlje
25%
Slovenia Municipality Trebnje
25%
Slovenia Municipality Tržič
25%
Slovenia City Velenje
25%
Slovenia Municipality Vitanje
25%
Estonia County Võru
25%
Marshall Islands Municipality Wotje
25%
Japan Prefecture Yamaguchi
25%
Japan Prefecture Yamanashi
25%
East Timor Municipality Aileu
24%
Algeria Province Algiers
24%
Laos Province Attapeu
24%
Liechtenstein Municipality Balzers
24%
Vietnam Province Bạc Liêu
24%
Guinea-Bissau Region Cacheu
24%
Iran Province Fars
24%
Belgium Region Flanders
24%
Cambodia Province Kampong Speu
24%
Turkey Province Kars
24%
Belarus Region Mogilev
24%
Saudi Arabia Region Northern Borders
24%
Guatemala Department Retalhuleu
24%
Nigeria State Rivers
24%
Portugal District Viseu
24%
North Macedonia Municipality Aračinovo
23%
Mongolia Province Bayan-Ulgii
23%
North Macedonia Municipality Berovo
23%
Benin Department Borgou
23%
Chad Region Borkou
23%
North Macedonia Municipality Bosilovo
23%
Serbia District Braničevo
23%
Uganda District Bunyangabu
23%
North Macedonia Municipality Češinovo-Obleševo
23%
Papua New Guinea Province Chimbu
23%
North Macedonia Municipality Čučer-Sandevo
23%
Mauritania Region Dakhlet Nouadhibou
23%
Myanmar Zone Danu
23%
North Macedonia Municipality Delčevo
23%
Kenya County Embu
23%
Bulgaria Province Gabrovo
23%
Guinea-Bissau Region Gabu
23%
China Province Guizhou
23%
Bulgaria Province Haskovo
23%
Central African Republic Prefecture Haut-Mbomou
23%
United States State Hawaii
23%
Ivory Coast Region Iffou
23%
Russia Region Ivanovo
23%
Ivory Coast Region Kabadougou
23%
Turkey Province Kastamonu
23%
Senegal Region Kédougou
23%
Russia Region Kemerovo
23%
Mongolia Province Khentii
23%
Kenya County Kiambu
23%
North Macedonia Municipality Kičevo
23%
Slovenia Municipality Kidričevo
23%
Kenya County Kisii
23%
Republic of the Congo Department Kouilou
23%
North Macedonia Municipality Kratovo
23%
North Macedonia Municipality Kruševo
23%
North Macedonia Municipality Kumanovo
23%
Republic of the Congo Department Lékoumou
23%
North Macedonia Municipality Lipkovo
23%
North Macedonia Municipality Lozovo
23%
Guinea Region Mamou
23%
Central African Republic Prefecture Mbomou
23%
Ivory Coast Region Moronou
23%
Taiwan County Nantou
23%
Paraguay Departament Ñeembucú
23%
Finland Region North Savo
23%
Estonia County Pärnu
23%
North Macedonia Municipality Pehčevo
23%
Cape Verde Municipality Porto Novo
23%
Senegal Region Sédhiou
23%
Mali Region Ségou
23%
Finland Region South Savo
23%
Malaysia State Terengganu
23%
North Macedonia Municipality Tetovo
23%
Algeria Province Tizi Ouzou
23%
Mali Region Tombouctou
23%
North Macedonia Municipality Valandovo
23%
North Macedonia Municipality Vasilevo
23%
Bulgaria Province Veliko Tarnovo
23%
Libya District Wadi al Shatii
23%
Ivory Coast Region Worodougou
23%
North Macedonia Municipality Zelenikovo
23%
Benin Department Zou
23%
Uganda District Abim
22%
Indonesia Province Aceh
22%
Niger Region Agadez
22%
Djibouti Region Ali Sabieh
22%
Russia Region Belgorod
22%
Belize District Belize
22%
Switzerland Canton Bern
22%
Slovenia Municipality Bled
22%
Ecuador Province Cotopaxi
22%
Mongolia Province Dornod
22%
Fiji Region Eastern
22%
Ghana Region Eastern
22%
Rwanda Province Eastern
22%
Sierra Leone Province Eastern
22%
Sri Lanka Province Eastern
22%
Zambia Province Eastern
22%
Algeria Province El Oued
22%
Maldives Atoll Faadhippolhu
22%
Liberia County Grand Gedeh
22%
China Region Guangxi
22%
Taiwan City Hsinchu
22%
Taiwan County Hsinchu
22%
China Province Jiangxi
22%
Ireland County Leitrim
22%
Switzerland Canton Luzern
22%
North Macedonia Municipality Makedonski Brod
22%
Dominican Republic Province María Trinidad Sánchez
22%
Germany State Mecklenburg-Vorpommern
22%
Lebanon Province Nabatieh
22%
Iraq Province Nineveh
22%
Russia Region Nizhny Novgorod
22%
Thailand Province Nong Bua Lamphu
22%
Bahrain Province Northern
22%
Fiji Region Northern
22%
Ghana Region Northern
22%
Israel District Northern
22%
Malawi Region Northern
22%
Malta Region Northern
22%
Rwanda Province Northern
22%
Sierra Leone Province Northern
22%
Sri Lanka Province Northern
22%
Sudan State Northern
22%
Zambia Province Northern
22%
Sri Lanka Province North Western
22%
Zambia Province North-Western
22%
Russia Region Novgorod
22%
Taiwan County Penghu
22%
Saudi Arabia Region Qassim
22%
Turkey Province Rize
22%
Guatemala Department Sacatepéquez
22%
Dominican Republic Province Sánchez Ramírez
22%
Dominican Republic Province Santiago Rodríguez
22%
China Province Shaanxi
22%
China Province Shanxi
22%
India State Sikkim
22%
Switzerland Canton Solothurn
22%
Malta Region South Eastern
22%
Bahrain Province Southern
22%
Botswana District Southern
22%
Israel District Southern
22%
Malawi Region Southern
22%
Malta Region Southern
22%
Rwanda Province Southern
22%
Sierra Leone Province Southern
22%
Sri Lanka Province Southern
22%
Zambia Province Southern
22%
Guatemala Department Suchitepéquez
22%
Nepal Province Sudurpashchim
22%
Egypt Province Suez
22%
Bhutan District Thimphu
22%
Kenya County Uasin Gishu
22%
Fiji Region Western
22%
Ghana Region Western
22%
Papua New Guinea Province Western
22%
Rwanda Province Western
22%
Sierra Leone Area Western
22%
Solomon Islands Province Western
22%
Sri Lanka Province Western
22%
Zambia Province Western
22%
Somalia Region Woqooyi Galbeed
22%
Italy Region Abruzzo
21%
China Province Anhui
21%
Saint Lucia District Anse la Raye
21%
Venezuela State Anzoátegui
21%
Central African Republic Commune Bangui
21%
Nauru District Boe
21%
Laos Province Bokèo
21%
Burundi Province Cankuzo
21%
Nicaragua Department Carazo
21%
Ecuador Province Chimborazo
21%
Panama Province Chiriquí
21%
Algeria Province El Bayadh
21%
Japan Prefecture Fukui
21%
Malta Region Gozo
21%
South Korea Province Gyeonggi
21%
Mauritania Region Hodh Ech Chargui
21%
Cambodia Province Kampot
21%
Uganda District Kazo
21%
Kenya County Kitui
21%
Nigeria State Kogi
21%
Central African Republic Prefecture Lobaye
21%
Uganda District Lusot
21%
Japan Prefecture Miyagi
21%
Uruguay Departament Montevideo
21%
Uganda District Mpigi
21%
Palau State Ngeremlengui
21%
Democratic Republic of the Congo Province Nord-Ubangi
21%
Tuvalu Island Nui
21%
Uganda District Obongi
21%
Turkey Province Osmaniye
21%
Brazil State Piauí
21%
Serbia District Pirot
21%
Slovenia Municipality Rečica ob Savinji
21%
Saudi Arabia Region Riyadh
21%
Burundi Province Ruyigi
21%
Thailand Province Sa Kaeo
21%
Slovenia Municipality Šenčur
21%
Pakistan Province Sindh
21%
Liberia County Sinoe
21%
Slovenia Municipality Šmartno pri Litiji
21%
Ivory Coast Region Sud-Comoé
21%
Democratic Republic of the Congo Province Sud-Ubangi
21%
Cambodia Province Takéo
21%
Japan Prefecture Tochigi
21%
Nauru District Uaboe
21%
Romania County Vaslui
21%
Kenya County West Pokot
21%
Ghana Region Ahafo
20%
Madagascar Province Analanjirofo
20%
Turkey Province Gaziantep
20%
Cambodia Province Kep
20%
Kenya County Kilifi
20%
Kenya County Kisumu
20%
Benin Department Kouffo
20%
India Territory Lakshadweep
20%
Kenya County Lamu
20%
Marshall Islands Municipality Likiep
20%
Morocco Region Marrakesh-Safi
20%
Marshall Islands Municipality Namu
20%
North Macedonia Municipality Prilep
20%
Tunisia Province Sfax
20%
Azerbaijan City Baku
19%
Latvia Municipality Balvi
19%
Thailand Area Bangkok
19%
Kyrgyzstan City Bishkek
19%
Thailand Province Chaiyaphum
19%
Ukraine Region Chernihiv
19%
Barbados Parish Christ Church
19%
Turkey Province Çorum
19%
South Korea Province Daegu
19%
Luxembourg Canton Diekirch
19%
Bulgaria Province Dobrich
19%
Mongolia Province Dornogovi
19%
Iraq Province Duhok
19%
Mongolia Province Dundgovi
19%
Slovenia Municipality Duplek
19%
Luxembourg Canton Echternach
19%
Nigeria State Enugu
19%
Turkey Province Erzurum
19%
Egypt Province Faiyum
19%
Montenegro Municipality Herceg Novi
19%
Hungary County Jász-Nagykun-Szolnok
19%
Uganda District Kalungu
19%
Uganda District Kanungu
19%
Uganda District Katakwi
19%
Tanzania Region Katavi
19%
Ukraine Region Kharkiv
19%
Sudan State Khartoum
19%
Uganda District Kibuku
19%
Uganda District Kitgum
19%
Vietnam Province Kon Tum
19%
Uganda District Kyenjojo
19%
Slovenia Municipality Loški Potok
19%
Bulgaria Province Lovech
19%
Ukraine Region Lviv
19%
Indonesia Province Maluku
19%
Palau State Melekeok
19%
Luxembourg Canton Mersch
19%
Lesotho District Mohale's Hoek
19%
Ukraine Region Mykolaiv
19%
Thailand Province Nakhon Nayok
19%
Kenya County Narok
19%
Nauru District Nibok
19%
Indonesia Province North Maluku
19%
Mongolia Province Ömnögovi
19%
Uganda District Pakwach
19%
Thailand Province Phitsanulok
19%
Bulgaria Province Plovdiv
19%
Slovenia Municipality Podčetrtek
19%
Lesotho District Qacha's Nek
19%
Slovenia Municipality Radlje ob Dravi
19%
Luxembourg Canton Remich
19%
Barbados Parish Saint Andrew
19%
Dominica Parish Saint Andrew
19%
Grenada Parish Saint Andrew
19%
Jamaica Parish Saint Andrew
19%
Saint Vincent and the Grenadines Parish Saint Andrew
19%
Slovenia Municipality Selnica ob Dravi
19%
Slovenia Municipality Središče ob Dravi
19%
Belize District Stann Creek
19%
Hungary County Szabolcs-Szatmár-Bereg
19%
Cambodia Province Tboung Khmum
19%
Israel District Tel Aviv
19%
Slovenia Municipality Zagorje ob Savi
19%
Croatia City Zagreb
19%
Croatia County Zagreb
19%
Switzerland Canton Zürich
19%
Somalia Region Bay
18%
Romania County Brașov
18%
North Macedonia Municipality Gjorče Petrov
18%
Romania County Ilfov
18%
Russia Region Kirov
18%
Slovakia Region Prešov
18%
Russia Region Pskov
18%
Russia Region Rostov
18%
Russia Region Saratov
18%
Turkey Province Sinop
18%
Russia Region Tambov
18%
Mongolia Province Töv
18%
Bahamas District Acklins
17%
Latvia Municipality Ādaži
17%
Nauru District Aiwo
17%
Seychelles District Anse aux Pins
17%
Gambia City Banjul
17%
Libya District Benghazi
17%
Egypt Province Beni Suef
17%
Vietnam Province Bình Phước
17%
Uganda District Buhweju
17%
Turkey Province Elazığ
17%
Algeria Province El Taref
17%
Botswana District Ghanzi
17%
Japan Prefecture Gifu
17%
Switzerland Canton Grisons
17%
South Korea Province Gwangju
17%
Estonia County Harju
17%
Burkina Faso Region Hauts-Bassins
17%
Slovenia Municipality Ig
17%
Algeria Province Illizi
17%
South Korea Province Jeju
17%
Burundi Province Karuzi
17%
Tunisia Province Kef
17%
Azerbaijan District Khizi
17%
Uganda District Kyankwanzi
17%
Uganda District Lamwo
17%
Latvia Municipality Limbaži
17%
Slovenia Municipality Lovrenc na Pohorju
17%
Iran Province Markazi
17%
Slovenia Municipality Miklavž na Dravskem Polju
17%
Central African Republic Prefecture Nana-Grébizi
17%
Burundi Province Ngozi
17%
Ivory Coast Region N'Zi
17%
Chile Region O'Higgins
17%
Nepal Province Province No. 2
17%
Slovenia Municipality Ribnica na Pohorju
17%
Latvia Municipality Ropaži
17%
Uganda District Rubirizi
17%
Slovenia Municipality Šentjernej
17%
Brazil State Tocantins
17%
Tonga Division Tongatapu
17%
Montenegro Municipality Tuzi
17%
Tuvalu Island Vaitupu
17%
Slovenia Municipality Veržej
17%
Namibia Region Zambezi
17%
Ethiopia Region Benishangul-Gumuz
16%
India Territory Dadra and Nagar Haveli and Daman and Diu
16%
Turkmenistan Region Daşoguz
16%
Romania County Giurgiu
16%
Ivory Coast Region Gôh
16%
Estonia County Hiiu
16%
Syria Province Idlib
16%
Afghanistan Province Kunduz
16%
Marshall Islands Municipality Lib
16%
Yemen Province Ma'rib
16%
Afghanistan Province Nimruz
16%
Azerbaijan District Oghuz
16%
Palau State Peleliu
16%
North Macedonia Municipality Probištip
16%
Antigua and Barbuda Parish Saint Philip
16%
Barbados Parish Saint Philip
16%
Argentina Province Santa Cruz
16%
Bolivia Department Santa Cruz
16%
Cape Verde Municipality Santa Cruz
16%
Romania County Sibiu
16%
North Macedonia Municipality Štip
16%
Azerbaijan District Tovuz
16%
Liechtenstein Municipality Vaduz
16%
Mexico State Veracruz
16%
Madagascar Province Androy
15%
Jordan Province Balqa
15%
Romania County Bistrița-Năsăud
15%
Burkina Faso Region Centre-Sud
15%
Somalia Region Galguduud
15%
Azerbaijan District Goranboy
15%
Cuba Municipality Isla de la Juventud
15%
Saint Lucia District Micoud
15%
Uzbekistan Region Navoiy
15%
Mauritania Region Nouakchott-Sud
15%
Seychelles District Port Glaud
15%
Mexico State Quintana Roo
15%
Syria Province Raqqa
15%
Haiti Department Sud
15%
Switzerland Canton Vaud
15%
Jordan Province Zarqa
15%
Sudan State Al Qadarif
14%
Barbados Parish Saint Lucy
14%
Algeria Province Sétif
14%
Marshall Islands Municipality Ailuk
13%
Paraguay Departament Caaguazú
13%
Federated States of Micronesia State Chuuk
13%
Turkey Province Karabük
13%
Iraq Province Kirkuk
13%
Yemen Province Lahij
13%
Nicaragua Department Madriz
13%
Uganda District Nabilatuk
13%
Democratic Republic of the Congo Province North Kivu
13%
Cambodia Province Preah Sihanouk
13%
Democratic Republic of the Congo Province South Kivu
13%
Saudi Arabia Region Tabuk
13%
Yemen Province Taiz
13%
Madagascar Province Anosy
12%
Uganda District Bushenyi
12%
Burkina Faso Region Centre-Nord
12%
Ukraine Region Cherkasy
12%
Taiwan City Chiayi
12%
Taiwan County Chiayi
12%
Kyrgyzstan Region Chuy
12%
Nigeria State Ebonyi
12%
Madagascar Province Itasy
12%
Argentina Province Jujuy
12%
Ukraine Region Khmelnytskyi
12%
Ireland County Longford
12%
Palau State Ngaraard
12%
Burkina Faso Region Nord
12%
Haiti Department Nord
12%
Mauritania Region Nouakchott-Nord
12%
Jamaica Parish Saint Ann
12%
Philippines Region Southwestern Tagalog
12%
Norway Territory Svalbard
12%
Myanmar Region Tanintharyi
12%
Ireland City-County Waterford
12%
Ireland County Wexford
12%
Venezuela State Yaracuy
12%
Turkey Province Bayburt
11%
Paraguay Departament Canindeyú
11%
Bahamas District City of Freeport
11%
Finland Region Kainuu
11%
Slovenia Municipality Lenart
11%
Slovenia Municipality Šentrupert
11%
Turkey Province Siirt
11%
Tanzania Region Simiyu
11%
Algeria Province Touggourt
11%
Saint Lucia District Vieux Fort
11%
Latvia City Daugavpils
10%
Poland Province Holy Cross
10%
Latvia Municipality Jēkabpils
10%
Somalia Region Mudug
10%
Czech Republic Region Olomouc
10%
Slovenia Municipality Ormož
10%
Liberia County Rivercess
10%
France Territory Saint Barthélemy
10%
Latvia Municipality Salaspils
10%
Bahamas District Spanish Wells
10%
Ukraine Region Sumy
10%
Latvia City Ventspils
10%
Latvia Municipality Ventspils
10%
Vietnam Province Vĩnh Phúc
10%
Switzerland Canton Zug
10%
Venezuela District Capital District
9%
Eritrea Region Debub
9%
Egypt Province Matrouh
9%
Libya District Murqub
9%
Papua New Guinea District National Capital District
9%
India Territory Chandigarh
8%
India State Chhattisgarh
8%
Nauru District Ijuw
8%
Libya District Murzuq
8%
Bangladesh Division Mymensingh
8%
Luxembourg Canton Clervaux
7%
Zambia Province Copperbelt
7%
Ireland County Dún Laoghaire–Rathdown
7%
Botswana City Francistown
7%
Bahamas District Hope Town
7%
Yemen Province Ibb
7%
Romania County Olt
7%
Russia Territory Perm
7%
Republic of the Congo Department Plateaux
7%
Togo Region Plateaux
7%
Trinidad and Tobago Region Princes Town
7%
Germany State Saxony-Anhalt
7%
Hungary County Somogy
7%
Algeria Province Tindouf
7%
Algeria Province Tissemsilt
7%
Afghanistan Province Balkh
6%
Romania County Cluj
6%
Maldives Atoll Felidhu Atoll
6%
Uzbekistan Region Jizzakh
6%
Egypt Province Kafr El Sheikh
6%
India Territory Ladakh
6%
Maldives Atoll Malé Atoll
6%
Maldives Atoll Mulaku Atoll
6%
Maldives Atoll North Ari Atoll
6%
Maldives Atoll North Huvadhu Atoll
6%
Maldives Atoll North Nilandhe Atoll
6%
Slovenia City Ptuj
6%
Azerbaijan District Qakh
6%
Azerbaijan District Qazakh
6%
Liechtenstein Municipality Ruggell
6%
Azerbaijan District Samukh
6%
Maldives Atoll South Ari Atoll
6%
Maldives Atoll South Huvadhu Atoll
6%
Maldives Atoll South Nilandhe Atoll
6%
Sweden County Stockholm
6%
Azerbaijan City Yevlakh
6%
Azerbaijan District Yevlakh
6%
Syria Province Homs
5%
Libya District Nuqat al Khams
5%
Latvia Municipality Tukums
5%
Romania County Gorj
4%
Libya District Marj
4%
Lithuania County Panevėžys
4%
Barbados Parish Saint Joseph
4%
Dominica Parish Saint Joseph
4%
Ukraine Region Zhytomyr
4%
Armenia Province Aragatsotn
3%
Switzerland Canton Basel-Stadt
3%
Vietnam Province Bắc Ninh
3%
Vietnam Province Bình Định
3%
Algeria Province Bordj Bou Arréridj
3%
Vietnam Province Hà Tĩnh
3%
Vietnam Municipality Hồ Chí Minh
3%
Vietnam Province Hòa Bình
3%
Poland Province Łódź
3%
Vietnam Province Nam Định
3%
Vietnam Province Ninh Bình
3%
Gambia Region North Bank
3%
Cambodia Province Phnom Penh
3%
Vietnam Province Quảng Bình
3%
Vietnam Province Quảng Ninh
3%
Vietnam Province Tây Ninh
3%
Vietnam Province Thái Bình
3%
Vietnam Province Trà Vinh
3%
Mongolia Province Uvs
3%
Russia Region Voronezh
3%
Slovenia Municipality Zavrč
3%
Iran Province Alborz
2%
Slovenia Municipality Benedikt
2%
Slovenia Municipality Bohinj
2%
Iran Province Bushehr
2%
Kazakhstan Region Jambyl
2%
Armenia Province Kotayk
2%
Slovenia City Kranj
2%
Croatia County Lika-Senj
2%
Kyrgyzstan Region Naryn
2%
Romania County Neamț
2%
Belize District Orange Walk
2%
Slovenia Municipality Prebold
2%
Slovenia Municipality Šoštanj
2%
Montenegro Municipality Ulcinj
2%
Ukraine Region Volyn
2%
Luxembourg Canton Wiltz
2%
Switzerland Canton Basel-Landschaft
1%
Slovenia Municipality Črnomelj
1%
Romania County Dolj
1%
Andorra Parish Encamp
1%
Papua New Guinea Province Gulf
1%
Mongolia Province Khovd
1%
Poland Province Lubusz
1%
Antigua and Barbuda Parish Saint John
1%
Barbados Parish Saint John
1%
Dominica Parish Saint John
1%
Grenada Parish Saint John
1%
Switzerland Canton Schwyz
1%
Slovenia Municipality Šentilj
1%
Tajikistan Region Sughd
1%
Uzbekistan Region Xorazm
1%
Russia Region Yaroslavl
1%
Iran Province Yazd
1%
Yemen Province Al Jawf
0%
Saudi Arabia Region Jawf
0%
Syria Province Rif Dimashq
0%
No matching quizzes found
Score Distribution
Percent of People with Each Score
Percentile by Number Answered
Your Score History
You have not taken this quiz